{"text_format":"1","workbook":"xlsx","n_sheets":3,"sheets":["Расчёт расхода","Гидравлический расчёт","Модуль1"],"not_rendered":{"charts":0,"images":0,"macros":0,"external_links":0,"defined_names":9,"comments":1,"pivot_tables":0},"unopened":[],"bounds":{"document_bytes":16777216,"sheet_cells":100000,"rows_first":2000,"rows_last":500,"rows_between":2000,"halvings":0,"cell_chars":16384,"cell_head_chars":4096},"cells_cut":0,"cells_raw":0,"read":"whole","date_system":"1900"}

{"sheet":"Расчёт расхода","index":0,"n_rows":55,"n_cols":21,"rows_kept":55,"cut":false,"hidden":false,"merged":[]}
[null,null,"Расчёт расхода газа на жилой дом",null,null,null,2,null,"Таблица количества газа потребляемого газовым оборудованием",null,null,null,null,null,null,null,"Значение коэффициента одновременности К для жилых домов"]
[null,null,null,null,null,null,null,null,"Наименование","Плита 4 к","Плита 2 к","Плита 4 к","Плита 2 к","АОГВ","Теплопотери","Наименование","Плита 4 к","Плита 2 к","Плита 4 к","Плита 2 к","АОГВ"]
["№участка","Плита 4 к","Плита 2 к","Плита 4 к","Плита 2 к","АОГВ","Суммарный",null,null,null,null,"и ГПВ","и ГПВ",null,"помещений",null,null,null,"и ГПВ","и ГПВ"]
[null,null,null,"и ГПВ","и ГПВ",null,"расход газа",null,null,null,null,null,null,null,"КВт"]
[null,"шт","шт","компл.","копмл.","шт.","м3/час"]
[1,{"$f":"36+79+67+32","v":214},0,49,0,1,{"$f":"B6*J6*Q6+C6*K6*R6+D6*L6*S6+E6*M6*T6+F6*N6*U6","v":524.52938000000017},null,"Расход газа, м3/час",1.2,{"$f":"(2.8*1+0.7*1+35*0.09)*1160/8100","v":0.95234567901234568},{"$f":"J6+2.2","v":3.4000000000000004},{"$f":"K6+2.02","v":2.9723456790123457},{"$f":"66.89+42.34+23.35+19.89+33.61+32.5+15.58+31.2+36.35+26.54+4.18+6.01+57.48+30.55+10.99","v":437.46000000000015},0,null,{"$f":"IF(B6=0,0,IF(B6=1,1,IF(B6=2,0.65,IF(B6=3,0.45,IF(B6=4,0.35,IF(B6=5,0.29,IF(B6=6,0.28,IF(B6=7,0.28,IF(B6=8,0.36,IF(B6=8,0.265,IF(B6=9,0.258,IF(B6=10,0.254,IF(B6<15,0.254-(0.254-0.24)/5*(B6-10),IF(B6=15,0.24,IF(B6<20,0.24-(0.24-0.235)/5*(B6-15),IF(B6=20,0.235,IF(B6<30,0.235-(0.235-0.231)/10*(B6-20),IF(B6=30,0.231,IF(B6<40,0.231-(0.231-0.227)/10*(B6-30),IF(B6=40,0.227,IF(B6<50,0.227-(0.227-0.223)/10*(B6-40),IF(B6=50,0.223,IF(B6<60,0.223-(0.223-0.22)/10*(B6-50),IF(B6=60,0.22,IF(B6<70,0.22-(0.22-0.217)/10*(B6-60),IF(B6=70,0.217,IF(B6<80,0.217-(0.217-0.214)/10*(B6-70),IF(B6=80,0.214,IF(B6<90,0.214-(0.214-0.212)/10*(B6-80),IF(B6=90,0.212,IF(B6<100,0.212-(0.212-0.21)/10*(B6-90),IF(B6=100,0.21,IF(B6<400,0.21-(0.21-0.18)/300*(B6-100),IF(B6=400,0.18,\"дальше нет\"))))))))))))))))))))))))))))))))))","v":0.1986},{"$f":"IF(C6=0,0,IF(C6=1,1,IF(C6=2,0.84,IF(C6=3,0.73,IF(C6=4,0.59,IF(C6=5,0.48,IF(C6=6,0.41,IF(C6=7,0.36,IF(C6=8,0.32,IF(C6=9,0.289,IF(C6=10,0.263,IF(C6<15,0.263-(0.263-0.242)/5*(C6-10),IF(C6=15,0.242,IF(C6<20,0.242-(0.242-0.23)/5*(C6-15),IF(C6=20,0.23,IF(C6<30,0.23-(0.23-0.218)/10*(C6-20),IF(C6=30,0.218,IF(C6<40,0.218-(0.218-0.213)/10*(C6-30),IF(C6=40,0.213,IF(C6<50,0.213-(0.213-0.21)/10*(C6-40),IF(C6=50,0.21,IF(C6<60,0.21-(0.21-0.207)/10*(C6-50),IF(C6=60,0.207,IF(C6<70,0.207-(0.207-0.205)/10*(C6-60),IF(C6=70,0.205,IF(C6<80,0.205-(0.205-0.204)/10*(C6-70),IF(C6=80,0.204,IF(C6<90,0.204-(0.204-0.203)/10*(C6-80),IF(C6=90,0.203,IF(C6<100,0.203-(0.203-0.202)/10*(C6-90),IF(C6=100,0.202,IF(C6<400,0.202-(0.202-0.17)/300*(C6-100),IF(C6=400,0.17,\"дальше нет\")))))))))))))))))))))))))))))))))","v":0},{"$f":"IF(D6=0,0,IF(D6=1,0.7,IF(D6=2,0.56,IF(D6=3,0.48,IF(D6=4,0.43,IF(D6=5,0.4,IF(D6=6,0.392,IF(D6=7,0.37,IF(D6=8,0.36,IF(D6=9,0.32,IF(D6=9,0.345,IF(D6=10,0.34,IF(D6<15,0.34-(0.34-0.3)/5*(D6-10),IF(D6=15,0.3,IF(D6<20,0.3-(0.3-0.28)/5*(D6-15),IF(D6=20,0.28,IF(D6<30,0.28-(0.28-0.25)/10*(D6-20),IF(D6=30,0.25,IF(D6<40,0.25-(0.25-0.23)/10*(D6-30),IF(D6=40,0.23,IF(D6<50,0.23-(0.23-0.215)/10*(D6-40),IF(D6=50,0.215,IF(D6<60,0.215-(0.215-0.23)/10*(D6-50),IF(D6=60,0.203,IF(D6<70,0.203-(0.203-0.195)/10*(D6-60),IF(D6=70,0.195,IF(D6<80,0.195-(0.195-0.192)/10*(D6-70),IF(D6=80,0.192,IF(D6<90,0.192-(0.192-0.187)/10*(D6-80),IF(D6=90,0.187,IF(D6<100,0.187-(0.187-0.185)/10*(D6-90),IF(D6=100,0.185,IF(D6<400,0.185-(0.185-0.15)/300*(D6-100),IF(D6=400,0.15,\"дальше нет\"))))))))))))))))))))))))))))))))))","v":0.2165},{"$f":"IF(E6=0,0,IF(E6=1,0.75,IF(E6=2,0.64,IF(E6=3,0.52,IF(E6=4,0.39,IF(E6=5,0.375,IF(E6=6,0.36,IF(E6=7,0.345,IF(E6=8,0.335,IF(E6=9,0.32,IF(E6=10,0.315,IF(E6<15,0.315-(0.315-0.275)/5*(E6-10),IF(E6=15,0.275,IF(E6<20,0.275-(0.275-0.26)/5*(E6-15),IF(E6=20,0.26,IF(E6<30,0.26-(0.26-0.235)/10*(E6-20),IF(E6=30,0.235,IF(E6<40,0.235-(0.235-0.205)/10*(E6-30),IF(E6=40,0.205,IF(E6<50,0.205-(0.205-0.193)/10*(E6-40),IF(E6=50,0.193,IF(E6<60,0.193-(0.193-0.186)/10*(E6-50),IF(E6=60,0.186,IF(E6<70,0.186-(0.186-0.18)/10*(E6-60),IF(E6=70,0.18,IF(E6<80,0.18-(0.18-0.175)/10*(E6-70),IF(E6=80,0.175,IF(E6<90,0.175-(0.175-0.171)/10*(E6-80),IF(E6=90,0.171,IF(E6<100,0.171-(0.171-0.163)/10*(E6-90),IF(E6=100,0.163,IF(E6<400,0.163-(0.163-0.135)/300*(E6-100),IF(E6=400,0.135,\"дальше нет\")))))))))))))))))))))))))))))))))","v":0},1]
[2,{"$f":"36+79+67+32","v":214},0,27,0,1,{"$f":"B7*J7*Q7+C7*K7*R7+D7*L7*S7+E7*M7*T7+F7*N7*U7","v":407.95668000000006},null,null,1.2,{"$f":"(2.8*1+0.7*1+35*0.09)*1160/8100","v":0.95234567901234568},{"$f":"J7+2.2","v":3.4000000000000004},{"$f":"K7+2.02","v":2.9723456790123457},{"$f":"66.89+42.34+23.35+19.89+33.61+32.5+15.58+57.48+30.55+10.99","v":333.18000000000006},0,null,{"$f":"IF(B7=0,0,IF(B7=1,1,IF(B7=2,0.65,IF(B7=3,0.45,IF(B7=4,0.35,IF(B7=5,0.29,IF(B7=6,0.28,IF(B7=7,0.28,IF(B7=8,0.36,IF(B7=8,0.265,IF(B7=9,0.258,IF(B7=10,0.254,IF(B7<15,0.254-(0.254-0.24)/5*(B7-10),IF(B7=15,0.24,IF(B7<20,0.24-(0.24-0.235)/5*(B7-15),IF(B7=20,0.235,IF(B7<30,0.235-(0.235-0.231)/10*(B7-20),IF(B7=30,0.231,IF(B7<40,0.231-(0.231-0.227)/10*(B7-30),IF(B7=40,0.227,IF(B7<50,0.227-(0.227-0.223)/10*(B7-40),IF(B7=50,0.223,IF(B7<60,0.223-(0.223-0.22)/10*(B7-50),IF(B7=60,0.22,IF(B7<70,0.22-(0.22-0.217)/10*(B7-60),IF(B7=70,0.217,IF(B7<80,0.217-(0.217-0.214)/10*(B7-70),IF(B7=80,0.214,IF(B7<90,0.214-(0.214-0.212)/10*(B7-80),IF(B7=90,0.212,IF(B7<100,0.212-(0.212-0.21)/10*(B7-90),IF(B7=100,0.21,IF(B7<400,0.21-(0.21-0.18)/300*(B7-100),IF(B7=400,0.18,\"дальше нет\"))))))))))))))))))))))))))))))))))","v":0.1986},{"$f":"IF(C7=0,0,IF(C7=1,1,IF(C7=2,0.84,IF(C7=3,0.73,IF(C7=4,0.59,IF(C7=5,0.48,IF(C7=6,0.41,IF(C7=7,0.36,IF(C7=8,0.32,IF(C7=9,0.289,IF(C7=10,0.263,IF(C7<15,0.263-(0.263-0.242)/5*(C7-10),IF(C7=15,0.242,IF(C7<20,0.242-(0.242-0.23)/5*(C7-15),IF(C7=20,0.23,IF(C7<30,0.23-(0.23-0.218)/10*(C7-20),IF(C7=30,0.218,IF(C7<40,0.218-(0.218-0.213)/10*(C7-30),IF(C7=40,0.213,IF(C7<50,0.213-(0.213-0.21)/10*(C7-40),IF(C7=50,0.21,IF(C7<60,0.21-(0.21-0.207)/10*(C7-50),IF(C7=60,0.207,IF(C7<70,0.207-(0.207-0.205)/10*(C7-60),IF(C7=70,0.205,IF(C7<80,0.205-(0.205-0.204)/10*(C7-70),IF(C7=80,0.204,IF(C7<90,0.204-(0.204-0.203)/10*(C7-80),IF(C7=90,0.203,IF(C7<100,0.203-(0.203-0.202)/10*(C7-90),IF(C7=100,0.202,IF(C7<400,0.202-(0.202-0.17)/300*(C7-100),IF(C7=400,0.17,\"дальше нет\")))))))))))))))))))))))))))))))))","v":0},{"$f":"IF(D7=0,0,IF(D7=1,0.7,IF(D7=2,0.56,IF(D7=3,0.48,IF(D7=4,0.43,IF(D7=5,0.4,IF(D7=6,0.392,IF(D7=7,0.37,IF(D7=8,0.36,IF(D7=9,0.32,IF(D7=9,0.345,IF(D7=10,0.34,IF(D7<15,0.34-(0.34-0.3)/5*(D7-10),IF(D7=15,0.3,IF(D7<20,0.3-(0.3-0.28)/5*(D7-15),IF(D7=20,0.28,IF(D7<30,0.28-(0.28-0.25)/10*(D7-20),IF(D7=30,0.25,IF(D7<40,0.25-(0.25-0.23)/10*(D7-30),IF(D7=40,0.23,IF(D7<50,0.23-(0.23-0.215)/10*(D7-40),IF(D7=50,0.215,IF(D7<60,0.215-(0.215-0.23)/10*(D7-50),IF(D7=60,0.203,IF(D7<70,0.203-(0.203-0.195)/10*(D7-60),IF(D7=70,0.195,IF(D7<80,0.195-(0.195-0.192)/10*(D7-70),IF(D7=80,0.192,IF(D7<90,0.192-(0.192-0.187)/10*(D7-80),IF(D7=90,0.187,IF(D7<100,0.187-(0.187-0.185)/10*(D7-90),IF(D7=100,0.185,IF(D7<400,0.185-(0.185-0.15)/300*(D7-100),IF(D7=400,0.15,\"дальше нет\"))))))))))))))))))))))))))))))))))","v":0.25900000000000001},{"$f":"IF(E7=0,0,IF(E7=1,0.75,IF(E7=2,0.64,IF(E7=3,0.52,IF(E7=4,0.39,IF(E7=5,0.375,IF(E7=6,0.36,IF(E7=7,0.345,IF(E7=8,0.335,IF(E7=9,0.32,IF(E7=10,0.315,IF(E7<15,0.315-(0.315-0.275)/5*(E7-10),IF(E7=15,0.275,IF(E7<20,0.275-(0.275-0.26)/5*(E7-15),IF(E7=20,0.26,IF(E7<30,0.26-(0.26-0.235)/10*(E7-20),IF(E7=30,0.235,IF(E7<40,0.235-(0.235-0.205)/10*(E7-30),IF(E7=40,0.205,IF(E7<50,0.205-(0.205-0.193)/10*(E7-40),IF(E7=50,0.193,IF(E7<60,0.193-(0.193-0.186)/10*(E7-50),IF(E7=60,0.186,IF(E7<70,0.186-(0.186-0.18)/10*(E7-60),IF(E7=70,0.18,IF(E7<80,0.18-(0.18-0.175)/10*(E7-70),IF(E7=80,0.175,IF(E7<90,0.175-(0.175-0.171)/10*(E7-80),IF(E7=90,0.171,IF(E7<100,0.171-(0.171-0.163)/10*(E7-90),IF(E7=100,0.163,IF(E7<400,0.163-(0.163-0.135)/300*(E7-100),IF(E7=400,0.135,\"дальше нет\")))))))))))))))))))))))))))))))))","v":0},1]
[3,214,0,26,0,1,405.11556571428582,null,null,1.2,0.95234567901234568,3.4000000000000004,2.9723456790123457,{"$f":"66.89+42.34+23.35+19.89+33.61+32.5+15.58/7*6+57.48+30.55+10.99","v":330.95428571428579},0,null,0.1986,0,0.26200000000000001,0,1]
[4,214,0,24,0,1,397.14642285714291,null,null,1.2,0.95234567901234568,3.4000000000000004,2.9723456790123457,{"$f":"66.89+42.34+23.35+19.89+33.61+32.5+15.58/7*3+57.48+30.55+10.99","v":324.27714285714291},0,null,0.1986,0,0.26800000000000002,0,1]
[5,214,0,22,0,1,391.32139428571435,null,null,1.2,0.95234567901234568,3.4000000000000004,2.9723456790123457,{"$f":"66.89+42.34+23.35+19.89+33.61+32.5+15.58/7*1+57.48+30.55+10.99","v":319.82571428571435},0,null,0.1986,0,0.27400000000000002,0,1]
[6,214,0,21,0,1,388.37828000000007,null,null,1.2,0.95234567901234568,3.4000000000000004,2.9723456790123457,{"$f":"66.89+42.34+23.35+19.89+33.61+32.5+15.58/7*0+57.48+30.55+10.99","v":317.60000000000008},0,null,0.1986,0,0.27700000000000002,0,1]
[7,214,0,21,0,1,357.82828000000006,null,null,1.2,0.95234567901234568,3.4000000000000004,2.9723456790123457,{"$f":"66.89+42.34+23.35+19.89+33.61+32.5+15.58/7*0+57.48+30.55*0+10.99","v":287.05000000000007},0,null,0.1986,0,0.27700000000000002,0,1]
[8,{"$f":"36+79+67+32*0","v":182},0,21,0,1,350.90092000000004,null,null,1.2,0.95234567901234568,3.4000000000000004,2.9723456790123457,{"$f":"66.89+42.34+23.35+19.89+33.61+32.5+15.58/7*0+57.48+30.55*0+10.99","v":287.05000000000007},0,null,0.20179999999999998,0,0.27700000000000002,0,1]
[9,{"$f":"36+79+67+32*0","v":182},0,21,0,1,293.42092000000002,null,null,1.2,0.95234567901234568,3.4000000000000004,2.9723456790123457,{"$f":"66.89+42.34+23.35+19.89+33.61+32.5+15.58/7*0+57.48*0+30.55*0+10.99","v":229.57000000000005},0,null,0.20179999999999998,0,0.27700000000000002,0,1]
[10,{"$f":"36+79+67*0+32*0","v":115},0,21,0,1,278.12080000000003,null,null,1.2,0.95234567901234568,3.4000000000000004,2.9723456790123457,{"$f":"66.89+42.34+23.35+19.89+33.61+32.5+15.58/7*0+57.48*0+30.55*0+10.99","v":229.57000000000005},0,null,0.20849999999999999,0,0.27700000000000002,0,1]
[11,{"$f":"36+79+67*0+32*0","v":115},0,21,0,1,211.23080000000002,null,null,1.2,0.95234567901234568,3.4000000000000004,2.9723456790123457,{"$f":"66.89*0+42.34+23.35+19.89+33.61+32.5+15.58/7*0+57.48*0+30.55*0+10.99","v":162.68},0,null,0.20849999999999999,0,0.27700000000000002,0,1]
[12,{"$f":"36+79*0+67*0+32*0","v":36},0,21,0,1,192.33332000000001,null,null,1.2,0.95234567901234568,3.4000000000000004,2.9723456790123457,{"$f":"66.89*0+42.34+23.35+19.89+33.61+32.5+15.58/7*0+57.48*0+30.55*0+10.99","v":162.68},0,null,0.2286,0,0.27700000000000002,0,1]
[13,{"$f":"36+79*0+67*0+32*0","v":36},0,21,0,1,166.67332000000002,null,null,1.2,0.95234567901234568,3.4000000000000004,2.9723456790123457,{"$f":"66.69*0+42.34+23.35+19.89*0+36.34+34.99+16.7/7*0+57.48*0+30.55*0+10.99*0","v":137.02000000000001},0,null,0.2286,0,0.27700000000000002,0,1]
[14,{"$f":"36+79*0+67*0+32*0","v":36},0,21,0,1,119.11332000000002,null,null,1.2,0.95234567901234568,3.4000000000000004,2.9723456790123457,{"$f":"66.89*0+42.34*0+23.35+19.89*0+33.61+32.5+15.58/7*0+57.48*0+30.55*0+10.99*0","v":89.460000000000008},0,null,0.2286,0,0.27700000000000002,0,1]
[15,{"$f":"0*36+0*79+0*67+0*32","v":0},0,21,0,1,109.23780000000001,null,null,1.2,0.95234567901234568,3.4000000000000004,2.9723456790123457,{"$f":"66.89*0+42.34*0+23.35+19.89*0+33.61+32.5+15.58/7*0+57.48*0+30.55*0+10.99*0","v":89.460000000000008},0,null,0,0,0.27700000000000002,0,1]
[16,{"$f":"0*36+0*79+0*67+0*32","v":0},0,21,0,1,85.887799999999999,null,null,1.2,0.95234567901234568,3.4000000000000004,2.9723456790123457,{"$f":"66.89*0+42.34*0+23.35*0+19.89*0+33.61+32.5+15.58/7*0+57.48*0+30.55*0+10.99*0","v":66.11},0,null,0,0,0.27700000000000002,0,1]
[17,0,0,15,0,1,62.493636363636355,null,null,1.2,0.95234567901234568,3.4000000000000004,2.9723456790123457,{"$f":"66.89*0+42.34*0+23.35*0+19.89*0+33.61/11*8+32.5/10*7+15.58/7*0+57.48*0+30.55*0+10.99*0","v":47.193636363636358},0,null,0,0,0.3,0,1]
[18,0,0,14,0,1,58.798981818181822,null,null,1.2,{"$f":"(2.8*1+0.7*1+35*0.09)*1160/8100","v":0.95234567901234568},3.4000000000000004,{"$f":"K23+2.02","v":2.9723456790123457},{"$f":"66.89*0+42.34*0+23.35*0+19.89*0+33.61/11*7+32.5/10*7+15.58/7*0+57.48*0+30.55*0+10.99*0","v":44.13818181818182},0,null,0,0,0.308,0,1]
[19,0,0,13,0,1,54.855381818181826,null,null,1.2,0.95234567901234568,3.4000000000000004,2.9723456790123457,{"$f":"66.89*0+42.34*0+23.35*0+19.89*0+33.61/11*7+32.5/10*6+15.58/7*0+57.48*0+30.55*0+10.99*0","v":40.88818181818182},0,null,0,0,0.316,0,1]
[20,0,0,11,0,1,47.194072727272726,null,null,1.2,0.95234567901234568,3.4000000000000004,2.9723456790123457,{"$f":"66.89*0+42.34*0+23.35*0+19.89*0+33.61/11*5+32.5/10*6+15.58/7*0+57.48*0+30.55*0+10.99*0","v":34.777272727272724},0,null,0,0,0.33200000000000002,0,1]
[21,0,0,9,0,1,38.069272727272725,null,null,1.2,0.95234567901234568,3.4000000000000004,2.9723456790123457,{"$f":"66.89*0+42.34*0+23.35*0+19.89*0+33.61/11*5+32.5/10*4+15.58/7*0+57.48*0+30.55*0+10.99*0","v":28.277272727272724},0,null,0,0,0.32,0,1]
[22,0,0,7,0,1,30.972363636363635,null,null,1.2,0.95234567901234568,3.4000000000000004,2.9723456790123457,{"$f":"66.89*0+42.34*0+23.35*0+19.89*0+33.61/11*3+32.5/10*4+15.58/7*0+57.48*0+30.55*0+10.99*0","v":22.166363636363634},0,null,0,0,0.37,0,1]
[23,0,0,5,0,1,22.466363636363639,null,null,1.2,0.95234567901234568,3.4000000000000004,2.9723456790123457,{"$f":"66.89*0+42.34*0+23.35*0+19.89*0+33.61/11*3+32.5/10*2+15.58/7*0+57.48*0+30.55*0+10.99*0","v":15.666363636363636},0,null,0,0,0.4,0,1]
[24,0,0,3,0,1,17.50690909090909,null,null,1.2,0.95234567901234568,3.4000000000000004,2.9723456790123457,{"$f":"66.89*0+42.34*0+23.35*0+19.89*0+33.61/11*2+32.5/10*2+15.58/7*0+57.48*0+30.55*0+10.99*0","v":12.61090909090909},0,null,0,0,0.48,0,1]
[121,0,0,22,0,1,124.76519999999999,null,null,1.2,0.95234567901234568,3.4000000000000004,2.9723456790123457,{"$f":"6+36.35+26.54+4.18+31.2","v":104.27},0,null,0,0,0.27400000000000002,0,1]
[122,0,0,20,0,1,117.31,null,null,1.2,0.95234567901234568,3.4000000000000004,2.9723456790123457,{"$f":"6*0+36.35+26.54+4.18+31.2","v":98.27},0,null,0,0,0.28000000000000003,0,1]
[123,0,0,19,0,1,111.42354285714286,null,null,1.2,0.95234567901234568,3.4000000000000004,{"$f":"K32+2.02","v":2.9723456790123457},{"$f":"6*0+36.35/7*6+26.54+4.18+31.2","v":93.07714285714286},0,null,0,0,0.28400000000000003,0,1]
[124,0,0,18,0,1,105.50988571428572,null,null,1.2,0.95234567901234568,3.4000000000000004,2.9723456790123457,{"$f":"6*0+36.35/7*5+26.54+4.18+31.2","v":87.88428571428571},0,null,0,0,0.28800000000000003,0,1]
[125,0,0,17,0,1,99.569028571428575,null,null,1.2,0.95234567901234568,3.4000000000000004,2.9723456790123457,{"$f":"6*0+36.35/7*4+26.54+4.18+31.2","v":82.691428571428574},0,null,0,0,0.29199999999999998,0,1]
[126,0,0,16,0,1,93.600971428571427,null,null,1.2,0.95234567901234568,3.4000000000000004,2.9723456790123457,{"$f":"6*0+36.35/7*3+26.54+4.18+31.2","v":77.498571428571424},0,null,0,0,0.29599999999999999,0,1]
[127,0,0,15,0,1,87.605714285714285,null,null,1.2,0.95234567901234568,3.4000000000000004,2.9723456790123457,{"$f":"6*0+36.35/7*2+26.54+4.18+31.2","v":72.305714285714288},0,null,0,0,0.3,0,1]
[128,0,0,11,0,1,66.495847619047623,null,null,1.2,0.95234567901234568,3.4000000000000004,2.9723456790123457,{"$f":"6*0+36.35/7*2+26.54/6*4+4.18*0+31.2/6*5","v":54.079047619047614},0,null,0,0,0.33200000000000002,0,1]
[129,0,0,10,0,1,60.44619047619048,null,null,1.2,0.95234567901234568,3.4000000000000004,2.9723456790123457,{"$f":"6*0+36.35/7*1+26.54/6*4+4.18*0+31.2/6*5","v":48.886190476190478},0,null,0,0,0.34,0,1]
[130,0,0,9,0,1,53.48533333333333,null,null,1.2,0.95234567901234568,3.4000000000000004,2.9723456790123457,{"$f":"6*0+36.35/7*0+26.54/6*4+4.18*0+31.2/6*5","v":43.693333333333328},0,null,0,0,0.32,0,1]
[131,null,null,7,null,1,50.837999999999994,null,null,1.2,0.95234567901234568,3.4000000000000004,{"$f":"K40+2.02","v":2.9723456790123457},{"$f":"6*0+36.35/7*0+26.54/5*4+4.18*0+31.2/6*4","v":42.031999999999996},0,null,{"$f":"IF(B40=0,0,IF(B40=1,1,IF(B40=2,0.65,IF(B40=3,0.45,IF(B40=4,0.35,IF(B40=5,0.29,IF(B40=6,0.28,IF(B40=7,0.28,IF(B40=8,0.36,IF(B40=8,0.265,IF(B40=9,0.258,IF(B40=10,0.254,IF(B40<15,0.254-(0.254-0.24)/5*(B40-10),IF(B40=15,0.24,IF(B40<20,0.24-(0.24-0.235)/5*(B40-15),IF(B40=20,0.235,IF(B40<30,0.235-(0.235-0.231)/10*(B40-20),IF(B40=30,0.231,IF(B40<40,0.231-(0.231-0.227)/10*(B40-30),IF(B40=40,0.227,IF(B40<50,0.227-(0.227-0.223)/10*(B40-40),IF(B40=50,0.223,IF(B40<60,0.223-(0.223-0.22)/10*(B40-50),IF(B40=60,0.22,IF(B40<70,0.22-(0.22-0.217)/10*(B40-60),IF(B40=70,0.217,IF(B40<80,0.217-(0.217-0.214)/10*(B40-70),IF(B40=80,0.214,IF(B40<90,0.214-(0.214-0.212)/10*(B40-80),IF(B40=90,0.212,IF(B40<100,0.212-(0.212-0.21)/10*(B40-90),IF(B40=100,0.21,IF(B40<400,0.21-(0.21-0.18)/300*(B40-100),IF(B40=400,0.18,\"дальше нет\"))))))))))))))))))))))))))))))))))","v":0},{"$f":"IF(C40=0,0,IF(C40=1,1,IF(C40=2,0.84,IF(C40=3,0.73,IF(C40=4,0.59,IF(C40=5,0.48,IF(C40=6,0.41,IF(C40=7,0.36,IF(C40=8,0.32,IF(C40=9,0.289,IF(C40=10,0.263,IF(C40<15,0.263-(0.263-0.242)/5*(C40-10),IF(C40=15,0.242,IF(C40<20,0.242-(0.242-0.23)/5*(C40-15),IF(C40=20,0.23,IF(C40<30,0.23-(0.23-0.218)/10*(C40-20),IF(C40=30,0.218,IF(C40<40,0.218-(0.218-0.213)/10*(C40-30),IF(C40=40,0.213,IF(C40<50,0.213-(0.213-0.21)/10*(C40-40),IF(C40=50,0.21,IF(C40<60,0.21-(0.21-0.207)/10*(C40-50),IF(C40=60,0.207,IF(C40<70,0.207-(0.207-0.205)/10*(C40-60),IF(C40=70,0.205,IF(C40<80,0.205-(0.205-0.204)/10*(C40-70),IF(C40=80,0.204,IF(C40<90,0.204-(0.204-0.203)/10*(C40-80),IF(C40=90,0.203,IF(C40<100,0.203-(0.203-0.202)/10*(C40-90),IF(C40=100,0.202,IF(C40<400,0.202-(0.202-0.17)/300*(C40-100),IF(C40=400,0.17,\"дальше нет\")))))))))))))))))))))))))))))))))","v":0},{"$f":"IF(D40=0,0,IF(D40=1,0.7,IF(D40=2,0.56,IF(D40=3,0.48,IF(D40=4,0.43,IF(D40=5,0.4,IF(D40=6,0.392,IF(D40=7,0.37,IF(D40=8,0.36,IF(D40=9,0.32,IF(D40=9,0.345,IF(D40=10,0.34,IF(D40<15,0.34-(0.34-0.3)/5*(D40-10),IF(D40=15,0.3,IF(D40<20,0.3-(0.3-0.28)/5*(D40-15),IF(D40=20,0.28,IF(D40<30,0.28-(0.28-0.25)/10*(D40-20),IF(D40=30,0.25,IF(D40<40,0.25-(0.25-0.23)/10*(D40-30),IF(D40=40,0.23,IF(D40<50,0.23-(0.23-0.215)/10*(D40-40),IF(D40=50,0.215,IF(D40<60,0.215-(0.215-0.23)/10*(D40-50),IF(D40=60,0.203,IF(D40<70,0.203-(0.203-0.195)/10*(D40-60),IF(D40=70,0.195,IF(D40<80,0.195-(0.195-0.192)/10*(D40-70),IF(D40=80,0.192,IF(D40<90,0.192-(0.192-0.187)/10*(D40-80),IF(D40=90,0.187,IF(D40<100,0.187-(0.187-0.185)/10*(D40-90),IF(D40=100,0.185,IF(D40<400,0.185-(0.185-0.15)/300*(D40-100),IF(D40=400,0.15,\"дальше нет\"))))))))))))))))))))))))))))))))))","v":0.37},{"$f":"IF(E40=0,0,IF(E40=1,0.75,IF(E40=2,0.64,IF(E40=3,0.52,IF(E40=4,0.39,IF(E40=5,0.375,IF(E40=6,0.36,IF(E40=7,0.345,IF(E40=8,0.335,IF(E40=9,0.32,IF(E40=10,0.315,IF(E40<15,0.315-(0.315-0.275)/5*(E40-10),IF(E40=15,0.275,IF(E40<20,0.275-(0.275-0.26)/5*(E40-15),IF(E40=20,0.26,IF(E40<30,0.26-(0.26-0.235)/10*(E40-20),IF(E40=30,0.235,IF(E40<40,0.235-(0.235-0.205)/10*(E40-30),IF(E40=40,0.205,IF(E40<50,0.205-(0.205-0.193)/10*(E40-40),IF(E40=50,0.193,IF(E40<60,0.193-(0.193-0.186)/10*(E40-50),IF(E40=60,0.186,IF(E40<70,0.186-(0.186-0.18)/10*(E40-60),IF(E40=70,0.18,IF(E40<80,0.18-(0.18-0.175)/10*(E40-70),IF(E40=80,0.175,IF(E40<90,0.175-(0.175-0.171)/10*(E40-80),IF(E40=90,0.171,IF(E40<100,0.171-(0.171-0.163)/10*(E40-90),IF(E40=100,0.163,IF(E40<400,0.163-(0.163-0.135)/300*(E40-100),IF(E40=400,0.135,\"дальше нет\")))))))))))))))))))))))))))))))))","v":0},1]
[132,null,null,5,null,1,33.016000000000005,null,null,1.2,0.95234567901234568,3.4000000000000004,2.9723456790123457,{"$f":"6*0+36.35/7*0+26.54/5*2+4.18*0+31.2/6*3","v":26.216000000000001},0,null,0,0,0.4,0,1]
[133,null,null,4,null,1,26.863999999999997,null,null,1.2,0.95234567901234568,3.4000000000000004,2.9723456790123457,{"$f":"6*0+36.35/7*0+26.54/5*2+4.18*0+31.2/6*2","v":21.015999999999998},0,null,0,0,0.43,0,1]
[134,null,null,2,null,1,14.315999999999999,null,null,1.2,0.95234567901234568,3.4000000000000004,2.9723456790123457,{"$f":"6*0+36.35/7*0+26.54/5*1+4.18*0+31.2/6*1","v":10.507999999999999},0,null,0,0,0.56000000000000005,0,1]
[201,null,null,4,null,1,25.06966666666667,null,null,1.2,0.95234567901234568,3.4000000000000004,{"$f":"K44+2.02","v":2.9723456790123457},{"$f":"6.5*0+38.09/7*0+28.03/6*2+4.43*1+32.69/6*1","v":19.221666666666668},0,null,{"$f":"IF(B44=0,0,IF(B44=1,1,IF(B44=2,0.65,IF(B44=3,0.45,IF(B44=4,0.35,IF(B44=5,0.29,IF(B44=6,0.28,IF(B44=7,0.28,IF(B44=8,0.36,IF(B44=8,0.265,IF(B44=9,0.258,IF(B44=10,0.254,IF(B44<15,0.254-(0.254-0.24)/5*(B44-10),IF(B44=15,0.24,IF(B44<20,0.24-(0.24-0.235)/5*(B44-15),IF(B44=20,0.235,IF(B44<30,0.235-(0.235-0.231)/10*(B44-20),IF(B44=30,0.231,IF(B44<40,0.231-(0.231-0.227)/10*(B44-30),IF(B44=40,0.227,IF(B44<50,0.227-(0.227-0.223)/10*(B44-40),IF(B44=50,0.223,IF(B44<60,0.223-(0.223-0.22)/10*(B44-50),IF(B44=60,0.22,IF(B44<70,0.22-(0.22-0.217)/10*(B44-60),IF(B44=70,0.217,IF(B44<80,0.217-(0.217-0.214)/10*(B44-70),IF(B44=80,0.214,IF(B44<90,0.214-(0.214-0.212)/10*(B44-80),IF(B44=90,0.212,IF(B44<100,0.212-(0.212-0.21)/10*(B44-90),IF(B44=100,0.21,IF(B44<400,0.21-(0.21-0.18)/300*(B44-100),IF(B44=400,0.18,\"дальше нет\"))))))))))))))))))))))))))))))))))","v":0},{"$f":"IF(C44=0,0,IF(C44=1,1,IF(C44=2,0.84,IF(C44=3,0.73,IF(C44=4,0.59,IF(C44=5,0.48,IF(C44=6,0.41,IF(C44=7,0.36,IF(C44=8,0.32,IF(C44=9,0.289,IF(C44=10,0.263,IF(C44<15,0.263-(0.263-0.242)/5*(C44-10),IF(C44=15,0.242,IF(C44<20,0.242-(0.242-0.23)/5*(C44-15),IF(C44=20,0.23,IF(C44<30,0.23-(0.23-0.218)/10*(C44-20),IF(C44=30,0.218,IF(C44<40,0.218-(0.218-0.213)/10*(C44-30),IF(C44=40,0.213,IF(C44<50,0.213-(0.213-0.21)/10*(C44-40),IF(C44=50,0.21,IF(C44<60,0.21-(0.21-0.207)/10*(C44-50),IF(C44=60,0.207,IF(C44<70,0.207-(0.207-0.205)/10*(C44-60),IF(C44=70,0.205,IF(C44<80,0.205-(0.205-0.204)/10*(C44-70),IF(C44=80,0.204,IF(C44<90,0.204-(0.204-0.203)/10*(C44-80),IF(C44=90,0.203,IF(C44<100,0.203-(0.203-0.202)/10*(C44-90),IF(C44=100,0.202,IF(C44<400,0.202-(0.202-0.17)/300*(C44-100),IF(C44=400,0.17,\"дальше нет\")))))))))))))))))))))))))))))))))","v":0},{"$f":"IF(D44=0,0,IF(D44=1,0.7,IF(D44=2,0.56,IF(D44=3,0.48,IF(D44=4,0.43,IF(D44=5,0.4,IF(D44=6,0.392,IF(D44=7,0.37,IF(D44=8,0.36,IF(D44=9,0.32,IF(D44=9,0.345,IF(D44=10,0.34,IF(D44<15,0.34-(0.34-0.3)/5*(D44-10),IF(D44=15,0.3,IF(D44<20,0.3-(0.3-0.28)/5*(D44-15),IF(D44=20,0.28,IF(D44<30,0.28-(0.28-0.25)/10*(D44-20),IF(D44=30,0.25,IF(D44<40,0.25-(0.25-0.23)/10*(D44-30),IF(D44=40,0.23,IF(D44<50,0.23-(0.23-0.215)/10*(D44-40),IF(D44=50,0.215,IF(D44<60,0.215-(0.215-0.23)/10*(D44-50),IF(D44=60,0.203,IF(D44<70,0.203-(0.203-0.195)/10*(D44-60),IF(D44=70,0.195,IF(D44<80,0.195-(0.195-0.192)/10*(D44-70),IF(D44=80,0.192,IF(D44<90,0.192-(0.192-0.187)/10*(D44-80),IF(D44=90,0.187,IF(D44<100,0.187-(0.187-0.185)/10*(D44-90),IF(D44=100,0.185,IF(D44<400,0.185-(0.185-0.15)/300*(D44-100),IF(D44=400,0.15,\"дальше нет\"))))))))))))))))))))))))))))))))))","v":0.43},{"$f":"IF(E44=0,0,IF(E44=1,0.75,IF(E44=2,0.64,IF(E44=3,0.52,IF(E44=4,0.39,IF(E44=5,0.375,IF(E44=6,0.36,IF(E44=7,0.345,IF(E44=8,0.335,IF(E44=9,0.32,IF(E44=10,0.315,IF(E44<15,0.315-(0.315-0.275)/5*(E44-10),IF(E44=15,0.275,IF(E44<20,0.275-(0.275-0.26)/5*(E44-15),IF(E44=20,0.26,IF(E44<30,0.26-(0.26-0.235)/10*(E44-20),IF(E44=30,0.235,IF(E44<40,0.235-(0.235-0.205)/10*(E44-30),IF(E44=40,0.205,IF(E44<50,0.205-(0.205-0.193)/10*(E44-40),IF(E44=50,0.193,IF(E44<60,0.193-(0.193-0.186)/10*(E44-50),IF(E44=60,0.186,IF(E44<70,0.186-(0.186-0.18)/10*(E44-60),IF(E44=70,0.18,IF(E44<80,0.18-(0.18-0.175)/10*(E44-70),IF(E44=80,0.175,IF(E44<90,0.175-(0.175-0.171)/10*(E44-80),IF(E44=90,0.171,IF(E44<100,0.171-(0.171-0.163)/10*(E44-90),IF(E44=100,0.163,IF(E44<400,0.163-(0.163-0.135)/300*(E44-100),IF(E44=400,0.135,\"дальше нет\")))))))))))))))))))))))))))))))))","v":0},1]
[202,null,null,3,null,1,19.446000000000002,null,null,1.2,0.95234567901234568,3.4000000000000004,2.9723456790123457,{"$f":"6.5*0+38.09/7*0+28.03/6*1+4.43*1+32.69/6*1","v":14.55},0,null,0,0,0.48,0,1]
[203,null,null,2,null,1,13.686333333333334,null,null,1.2,0.95234567901234568,3.4000000000000004,2.9723456790123457,{"$f":"6.5*0+38.09/7*0+28.03/6*0+4.43+32.69/6*1","v":9.8783333333333339},0,null,0,0,0.56000000000000005,0,1]
[204,null,null,1,null,1,7.8283333333333331,null,null,1.2,0.95234567901234568,3.4000000000000004,2.9723456790123457,{"$f":"6.5*0+38.09/7*0+28.03/6*0+4.43*0+32.69/6*1","v":5.4483333333333333},0,null,0,0,0.7,0,1]
[301,null,null,6,null,1,26.913163636363635,null,null,1.2,0.95234567901234568,3.4000000000000004,{"$f":"K48+2.02","v":2.9723456790123457},{"$f":"66.89*0+42.34*0+23.35*0+19.89*0+33.61/11*3+32.5/10*3+15.58/7*0+57.48*0+30.55*0+10.99*0","v":18.916363636363634},0,null,{"$f":"IF(B48=0,0,IF(B48=1,1,IF(B48=2,0.65,IF(B48=3,0.45,IF(B48=4,0.35,IF(B48=5,0.29,IF(B48=6,0.28,IF(B48=7,0.28,IF(B48=8,0.36,IF(B48=8,0.265,IF(B48=9,0.258,IF(B48=10,0.254,IF(B48<15,0.254-(0.254-0.24)/5*(B48-10),IF(B48=15,0.24,IF(B48<20,0.24-(0.24-0.235)/5*(B48-15),IF(B48=20,0.235,IF(B48<30,0.235-(0.235-0.231)/10*(B48-20),IF(B48=30,0.231,IF(B48<40,0.231-(0.231-0.227)/10*(B48-30),IF(B48=40,0.227,IF(B48<50,0.227-(0.227-0.223)/10*(B48-40),IF(B48=50,0.223,IF(B48<60,0.223-(0.223-0.22)/10*(B48-50),IF(B48=60,0.22,IF(B48<70,0.22-(0.22-0.217)/10*(B48-60),IF(B48=70,0.217,IF(B48<80,0.217-(0.217-0.214)/10*(B48-70),IF(B48=80,0.214,IF(B48<90,0.214-(0.214-0.212)/10*(B48-80),IF(B48=90,0.212,IF(B48<100,0.212-(0.212-0.21)/10*(B48-90),IF(B48=100,0.21,IF(B48<400,0.21-(0.21-0.18)/300*(B48-100),IF(B48=400,0.18,\"дальше нет\"))))))))))))))))))))))))))))))))))","v":0},{"$f":"IF(C48=0,0,IF(C48=1,1,IF(C48=2,0.84,IF(C48=3,0.73,IF(C48=4,0.59,IF(C48=5,0.48,IF(C48=6,0.41,IF(C48=7,0.36,IF(C48=8,0.32,IF(C48=9,0.289,IF(C48=10,0.263,IF(C48<15,0.263-(0.263-0.242)/5*(C48-10),IF(C48=15,0.242,IF(C48<20,0.242-(0.242-0.23)/5*(C48-15),IF(C48=20,0.23,IF(C48<30,0.23-(0.23-0.218)/10*(C48-20),IF(C48=30,0.218,IF(C48<40,0.218-(0.218-0.213)/10*(C48-30),IF(C48=40,0.213,IF(C48<50,0.213-(0.213-0.21)/10*(C48-40),IF(C48=50,0.21,IF(C48<60,0.21-(0.21-0.207)/10*(C48-50),IF(C48=60,0.207,IF(C48<70,0.207-(0.207-0.205)/10*(C48-60),IF(C48=70,0.205,IF(C48<80,0.205-(0.205-0.204)/10*(C48-70),IF(C48=80,0.204,IF(C48<90,0.204-(0.204-0.203)/10*(C48-80),IF(C48=90,0.203,IF(C48<100,0.203-(0.203-0.202)/10*(C48-90),IF(C48=100,0.202,IF(C48<400,0.202-(0.202-0.17)/300*(C48-100),IF(C48=400,0.17,\"дальше нет\")))))))))))))))))))))))))))))))))","v":0},{"$f":"IF(D48=0,0,IF(D48=1,0.7,IF(D48=2,0.56,IF(D48=3,0.48,IF(D48=4,0.43,IF(D48=5,0.4,IF(D48=6,0.392,IF(D48=7,0.37,IF(D48=8,0.36,IF(D48=9,0.32,IF(D48=9,0.345,IF(D48=10,0.34,IF(D48<15,0.34-(0.34-0.3)/5*(D48-10),IF(D48=15,0.3,IF(D48<20,0.3-(0.3-0.28)/5*(D48-15),IF(D48=20,0.28,IF(D48<30,0.28-(0.28-0.25)/10*(D48-20),IF(D48=30,0.25,IF(D48<40,0.25-(0.25-0.23)/10*(D48-30),IF(D48=40,0.23,IF(D48<50,0.23-(0.23-0.215)/10*(D48-40),IF(D48=50,0.215,IF(D48<60,0.215-(0.215-0.23)/10*(D48-50),IF(D48=60,0.203,IF(D48<70,0.203-(0.203-0.195)/10*(D48-60),IF(D48=70,0.195,IF(D48<80,0.195-(0.195-0.192)/10*(D48-70),IF(D48=80,0.192,IF(D48<90,0.192-(0.192-0.187)/10*(D48-80),IF(D48=90,0.187,IF(D48<100,0.187-(0.187-0.185)/10*(D48-90),IF(D48=100,0.185,IF(D48<400,0.185-(0.185-0.15)/300*(D48-100),IF(D48=400,0.15,\"дальше нет\"))))))))))))))))))))))))))))))))))","v":0.39200000000000002},{"$f":"IF(E48=0,0,IF(E48=1,0.75,IF(E48=2,0.64,IF(E48=3,0.52,IF(E48=4,0.39,IF(E48=5,0.375,IF(E48=6,0.36,IF(E48=7,0.345,IF(E48=8,0.335,IF(E48=9,0.32,IF(E48=10,0.315,IF(E48<15,0.315-(0.315-0.275)/5*(E48-10),IF(E48=15,0.275,IF(E48<20,0.275-(0.275-0.26)/5*(E48-15),IF(E48=20,0.26,IF(E48<30,0.26-(0.26-0.235)/10*(E48-20),IF(E48=30,0.235,IF(E48<40,0.235-(0.235-0.205)/10*(E48-30),IF(E48=40,0.205,IF(E48<50,0.205-(0.205-0.193)/10*(E48-40),IF(E48=50,0.193,IF(E48<60,0.193-(0.193-0.186)/10*(E48-50),IF(E48=60,0.186,IF(E48<70,0.186-(0.186-0.18)/10*(E48-60),IF(E48=70,0.18,IF(E48<80,0.18-(0.18-0.175)/10*(E48-70),IF(E48=80,0.175,IF(E48<90,0.175-(0.175-0.171)/10*(E48-80),IF(E48=90,0.171,IF(E48<100,0.171-(0.171-0.163)/10*(E48-90),IF(E48=100,0.163,IF(E48<400,0.163-(0.163-0.135)/300*(E48-100),IF(E48=400,0.135,\"дальше нет\")))))))))))))))))))))))))))))))))","v":0},1]
[302,null,null,5,null,1,22.66090909090909,null,null,1.2,0.95234567901234568,3.4000000000000004,2.9723456790123457,{"$f":"66.89*0+42.34*0+23.35*0+19.89*0+33.61/11*2+32.5/10*3+15.58/7*0+57.48*0+30.55*0+10.99*0","v":15.86090909090909},0,null,0,0,0.4,0,1]
[303,null,null,4,null,1,18.458909090909088,null,null,1.2,0.95234567901234568,3.4000000000000004,2.9723456790123457,{"$f":"66.89*0+42.34*0+23.35*0+19.89*0+33.61/11*2+32.5/10*2+15.58/7*0+57.48*0+30.55*0+10.99*0","v":12.61090909090909},0,null,0,0,0.43,0,1]
[304,null,null,3,null,1,14.451454545454546,null,null,1.2,0.95234567901234568,3.4000000000000004,2.9723456790123457,{"$f":"66.89*0+42.34*0+23.35*0+19.89*0+33.61/11*1+32.5/10*2+15.58/7*0+57.48*0+30.55*0+10.99*0","v":9.5554545454545448},0,null,0,0,0.48,0,1]
[305,null,null,2,null,1,10.113454545454545,null,null,1.2,0.95234567901234568,3.4000000000000004,2.9723456790123457,{"$f":"66.89*0+42.34*0+23.35*0+19.89*0+33.61/11*1+32.5/10*1+15.58/7*0+57.48*0+30.55*0+10.99*0","v":6.3054545454545448},0,null,0,0,0.56000000000000005,0,1]
[306,null,null,1,null,1,5.63,null,null,1.2,0.95234567901234568,3.4000000000000004,2.9723456790123457,{"$f":"66.89*0+42.34*0+23.35*0+19.89*0+33.61/11*0+32.5/10*1+15.58/7*0+57.48*0+30.55*0+10.99*0","v":3.25},0,null,0,0,0.7,0,1]
[401,null,null,null,null,1,30.880000000000003,null,null,1.2,0.95234567901234568,3.4000000000000004,2.9723456790123457,{"$f":"19.89+10.99","v":30.880000000000003},0,null,0,0,0,0,1]
[402,null,null,null,null,1,10.99,null,null,1.2,0.95234567901234568,3.4000000000000004,2.9723456790123457,10.99,0,null,0,0,0,0,1]

{"sheet":"Гидравлический расчёт","index":1,"n_rows":60,"n_cols":24,"rows_kept":60,"cut":false,"hidden":false,"merged":[]}
[" ",null,6.9999999999999999E-4,null,0.73,null,1.4E-5,null,"Для полиэтилена SDR11",null,null,null,"Протяжённость магистрали 1",null,null,783.75,1043,null,"удельная потеря давл.",null,null,{"$f":"1200/Q1","v":1.1505273250239694},null," "]
[null,null,"Начальное давление, Па",null,3000,null,null,null,null,null,null,null,"Протяжённость магистрали 2",null,null,null,{"$f":"SUM(G35:G47)*1.1+G11*1.1","v":469.77700000000004},null,"то же",null,null,{"$f":"1200/Q2","v":2.5544034722857862}]
[null,null,null,null,null,null,null,null,null,null,null,null,"Протяженность магистрали 3",null,null,null,{"$f":"SUM(G49:G52)*1.1+SUM(G11:G26)*1.1","v":710.60000000000014},null,"то же",null,null,{"$f":"1200/Q3","v":1.6887137630171682}]
["  ",null,null,null,null,null,"Уличные сети",null,null,null,null,null,"Протяжённость магистрали 4",null,null,null,{"$f":"SUM(G53:G58)*1.1+SUM(G11:G26)*1.1","v":719.95000000000016},null,"то же",null,null,{"$f":"1200/Q4","v":1.6667824154455166}]
[" ",null," ",null," "," ","Местные сопротивления учитываются К=",null,null,null,1.1000000000000001,null,"Протяжённость магистрали 5",null,null,null,{"$f":"SUM(G11:G22)*1.1+SUM(G59:G60)*1.1","v":551.87},null,"то же",null,null,{"$f":"1200/Q5","v":2.1744251363545763}]
["Расчётный",null,"Принятый ","Днхs","Расчётный",null,"Действительная",null,"Сумма коэффиц.",null,"Эквивалентная",null,"Расчётная длина",null,"Потеря давления , Па",null,null,null,"Давление"]
["участок",null,"диаметр","мм","расход газа ",null,"длина участка",null,"местных ",null,"длина участка, м",null,"участка, м.",null," ",null," ",null,"в конце участка",null,null,null," "]
[null,null,"газопровода, см",null,"на участке,",null,"по чертежу, м",null,"сопротивлений",null," ld",null,"l",null,"На 1 метр длины",null,"На всём участке",null,", Па"]
[null,null,"dу",null,"кбм/час",null," ",null,null,null," ",null," ",null,"газопровода"]
[" ",null," ",null," ",null," ",null," ",null," ",null," ",null," ",null," ",null," "]
[{"$f":"'Расчёт расхода'!A6","v":1},"м",{"$f":"IF(W11<=1.4,1.4,IF(W11<=1.9,1.4,IF(W11<=2.6,1.9,IF(W11<=3.26,2.6,IF(W11<=4.08,3.26,IF(W11<=5.14,4.08,IF(W11<=6.14,5.14,IF(W11<=7.36,6.14,IF(W11<=9,7.36,IF(W11<=10.22,9,IF(W11<=11.46,10.22,IF(W11<=13.08,11.46,IF(W11<=14.72,13.08,IF(W11<=16.36,14.72,IF(W11<=18.4,16.36,IF(W11<=20.46,18.4,IF(W11<=25.78,20.46,\"25.78\")))))))))))))))))","v":18.399999999999999},{"$f":"IF(C11=1.4,\"20х3\",IF(C11=1.9,\"25х3\",IF(C11=2.6,\"32х3\",IF(C11=3.26,\"40х3.7\",IF(C11=4.08,\"50х4.6\",IF(C11=5.14,\"63х5.8\",IF(C11=6.14,\"75х6.8\",IF(C11=7.36,\"90х8.2\",IF(C11=9,\"110х10\",IF(C11=10.22,\"125х11.4\",IF(C11=11.46,\"140х12.7\",IF(C11=13.08,\"160х14.6\",IF(C11=14.72,\"180х16.4\",IF(C11=16.36,\"200х18.2\",IF(C11=18.4,\"225х20.5\",IF(C11=20.46,\"250х22.7\",IF(С19=25.78,\"315х28.6\",\"Далее нет. Переходите на сталь\")))))))))))))))))","v":"225х20.5"},{"$f":"'Расчёт расхода'!G6","v":524.52938000000017},null,12,null,0,null,{"$f":"IF(A11=0,0,IF($U11<=2000,64/$U11,IF($U11<=4000,0.0025*$U11^0.333,IF(AND($U11<=100000,$V11>=23),0.11*($C$1/C11+68/$U11)^0.25,IF(AND($U11<=100000,$V11<23),0.3164/$U11^0.25,IF(AND($U11>100000,$V11>=23),0.11*($C$1/$C11+68/$U11)^0.25,IF(AND($U11>100000,$V11<23),1/(1.82*LOG10($U11)-1.64)^2,\"нарушены условия \")))))))^-1*C11*I11/100+IF(I11=0,IF(B11=\"м\",0.1*G11,IF(B11=\"с\",0.2*G11,IF(AND(B11=\"п\",G11<=3),G11*4.5,IF(AND(B11=\"п\",G11<=4),G11*3,IF(AND(B11=\"п\",G11<=7),G11*1.2,IF(AND(B11=\"п\",G11<=12),G11*0.5,0)))))))","v":1.2000000000000002},null,{"$f":"IF(I11=0,G11+K11,G11+I11*K11)","v":13.2},null,{"$f":"IF(E11=0,0,IF($U11<=2000,64/$U11,IF($U11<=4000,0.0025*$U11^0.333,IF(AND($U11<=100000,$V11>=23),0.11*($C$1/C11+68/$U11)^0.25,IF(AND($U11<=100000,$V11<23),0.3164/$U11^0.25,IF(AND($U11>100000,$V11>=23),0.11*($C$1/$C11+68/$U11)^0.25,IF(AND($U11>100000,$V11<23),1/(1.82*LOG10($U11)-1.64)^2,\"нарушены условия \")))))))*626.1*$E11^2/$C11^5*$E$1","v":1.1513218743184952},null,{"$f":"M11*O11","v":15.197448741004136},null,{"$f":"E2-Q11","v":2984.8025512589957},null,{"$f":"0.0354*E11/C11/$G$1","v":72082.065419254694},{"$f":"$C$1/C11","v":3.8043478260869569E-5},{"$f":"(626*0.0446*$E$1*E11^1.75*$Q$1/1200)^(1/4.75)","v":18.4004249142403},{"$f":"IF(W11<=14.8,14.8,IF(W11<=20.5,20.5,IF(W11<=25.5,25.5,IF(W11<=30.5,30.5,6666))))","v":20.5}]
[{"$f":"'Расчёт расхода'!A7","v":2},"м",{"$f":"IF(W12<=1.4,1.4,IF(W12<=1.9,1.4,IF(W12<=2.6,1.9,IF(W12<=3.26,2.6,IF(W12<=4.08,3.26,IF(W12<=5.14,4.08,IF(W12<=6.14,5.14,IF(W12<=7.36,6.14,IF(W12<=9,7.36,IF(W12<=10.22,9,IF(W12<=11.46,10.22,IF(W12<=13.08,11.46,IF(W12<=14.72,13.08,IF(W12<=16.36,14.72,IF(W12<=18.4,16.36,IF(W12<=20.46,18.4,IF(W12<=25.78,20.46,\"25.78\")))))))))))))))))","v":16.36},{"$f":"IF(C12=1.4,\"20х3\",IF(C12=1.9,\"25х3\",IF(C12=2.6,\"32х3\",IF(C12=3.26,\"40х3.7\",IF(C12=4.08,\"50х4.6\",IF(C12=5.14,\"63х5.8\",IF(C12=6.14,\"75х6.8\",IF(C12=7.36,\"90х8.2\",IF(C12=9,\"110х10\",IF(C12=10.22,\"125х11.4\",IF(C12=11.46,\"140х12.7\",IF(C12=13.08,\"160х14.6\",IF(C12=14.72,\"180х16.4\",IF(C12=16.36,\"200х18.2\",IF(C12=18.4,\"225х20.5\",IF(C12=20.46,\"250х22.7\",IF(С19=25.78,\"315х28.6\",\"Далее нет. Переходите на сталь\")))))))))))))))))","v":"200х18.2"},{"$f":"'Расчёт расхода'!G7","v":407.95668000000006},null,12,null,0,null,{"$f":"IF(A12=0,0,IF($U12<=2000,64/$U12,IF($U12<=4000,0.0025*$U12^0.333,IF(AND($U12<=100000,$V12>=23),0.11*($C$1/C12+68/$U12)^0.25,IF(AND($U12<=100000,$V12<23),0.3164/$U12^0.25,IF(AND($U12>100000,$V12>=23),0.11*($C$1/$C12+68/$U12)^0.25,IF(AND($U12>100000,$V12<23),1/(1.82*LOG10($U12)-1.64)^2,\"нарушены условия \")))))))^-1*C12*I12/100+IF(I12=0,IF(B12=\"м\",0.1*G12,IF(B12=\"с\",0.2*G12,IF(AND(B12=\"п\",G12<=3),G12*4.5,IF(AND(B12=\"п\",G12<=4),G12*3,IF(AND(B12=\"п\",G12<=7),G12*1.2,IF(AND(B12=\"п\",G12<=12),G12*0.5,0)))))))","v":1.2000000000000002},null,{"$f":"IF(I12=0,G12+K12,G12+I12*K12)","v":13.2},null,{"$f":"IF(AND(C12=0,E12=0),0,IF(U12>=2000,IF(U12>4000,69*($C$1/C12+1922*$G$1*C12/E12)^0.25*E12^2*$E$1/C12^5,0.516*E12^2.333*$E$1/C12^5.333/$G$1^0.333),1132000*E12*$G$1*$E$1/C12^4))","v":1.3090860885264124},null,17.279936368548643,null,{"$f":"IF(A12-A11=1,S11-Q12,Q12)","v":2967.5226148904471},null,{"$f":"0.0354*E12/C12/$G$1","v":63053.032099196658},{"$f":"$C$1/C12","v":4.2787286063569685E-5},{"$f":"(626*0.0446*$E$1*E12^1.75*$Q$1/1200)^(1/4.75)","v":16.773070344918867},20.5]
[{"$f":"'Расчёт расхода'!A8","v":3},"м",16.36,{"$f":"IF(C13=1.4,\"20х3\",IF(C13=1.9,\"25х3\",IF(C13=2.6,\"32х3\",IF(C13=3.26,\"40х3.7\",IF(C13=4.08,\"50х4.6\",IF(C13=5.14,\"63х5.8\",IF(C13=6.14,\"75х6.8\",IF(C13=7.36,\"90х8.2\",IF(C13=9,\"110х10\",IF(C13=10.22,\"125х11.4\",IF(C13=11.46,\"140х12.7\",IF(C13=13.08,\"160х14.6\",IF(C13=14.72,\"180х16.4\",IF(C13=16.36,\"200х18.2\",IF(C13=18.4,\"225х20.5\",IF(C13=20.46,\"250х22.7\",IF(С19=25.78,\"315х28.6\",\"Далее нет. Переходите на сталь\")))))))))))))))))","v":"200х18.2"},{"$f":"'Расчёт расхода'!G8","v":405.11556571428582},null,25.7,null,0,null,2.5700000000000003,null,28.27,null,1.2930874835001265,null,36.555583158548572,null,{"$f":"IF(A13-A12=1,S12-Q13,Q13)","v":2930.9670317318987},null,62613.914714834616,4.2787286063569685E-5,16.729939361835342,20.5]
[{"$f":"'Расчёт расхода'!A9","v":4},"м",16.36,{"$f":"IF(C14=1.4,\"20х3\",IF(C14=1.9,\"25х3\",IF(C14=2.6,\"32х3\",IF(C14=3.26,\"40х3.7\",IF(C14=4.08,\"50х4.6\",IF(C14=5.14,\"63х5.8\",IF(C14=6.14,\"75х6.8\",IF(C14=7.36,\"90х8.2\",IF(C14=9,\"110х10\",IF(C14=10.22,\"125х11.4\",IF(C14=11.46,\"140х12.7\",IF(C14=13.08,\"160х14.6\",IF(C14=14.72,\"180х16.4\",IF(C14=16.36,\"200х18.2\",IF(C14=18.4,\"225х20.5\",IF(C14=20.46,\"250х22.7\",IF(С19=25.78,\"315х28.6\",\"Далее нет. Переходите на сталь\")))))))))))))))))","v":"200х18.2"},{"$f":"'Расчёт расхода'!G9","v":397.14642285714291},null,26.1,null,0,null,2.6100000000000003,null,28.71,null,1.2486694435071857,null,35.849299723091299,null,2895.1177320088073,null,61382.218691682065,4.2787286063569685E-5,16.607930877188124,20.5]
[{"$f":"'Расчёт расхода'!A10","v":5},"м",16.36,{"$f":"IF(C15=1.4,\"20х3\",IF(C15=1.9,\"25х3\",IF(C15=2.6,\"32х3\",IF(C15=3.26,\"40х3.7\",IF(C15=4.08,\"50х4.6\",IF(C15=5.14,\"63х5.8\",IF(C15=6.14,\"75х6.8\",IF(C15=7.36,\"90х8.2\",IF(C15=9,\"110х10\",IF(C15=10.22,\"125х11.4\",IF(C15=11.46,\"140х12.7\",IF(C15=13.08,\"160х14.6\",IF(C15=14.72,\"180х16.4\",IF(C15=16.36,\"200х18.2\",IF(C15=18.4,\"225х20.5\",IF(C15=20.46,\"250х22.7\",IF(С19=25.78,\"315х28.6\",\"Далее нет. Переходите на сталь\")))))))))))))))))","v":"200х18.2"},{"$f":"'Расчёт расхода'!G10","v":391.32139428571435},null,25.8,null,0,null,2.58,null,28.380000000000003,null,1.2166297200193805,null,34.527951454150021,null,2860.5897805546574,null,60481.913018312473,4.2787286063569685E-5,16.517767452572837,20.5]
[{"$f":"'Расчёт расхода'!A11","v":6},"м",16.36,{"$f":"IF(C16=1.4,\"20х3\",IF(C16=1.9,\"25х3\",IF(C16=2.6,\"32х3\",IF(C16=3.26,\"40х3.7\",IF(C16=4.08,\"50х4.6\",IF(C16=5.14,\"63х5.8\",IF(C16=6.14,\"75х6.8\",IF(C16=7.36,\"90х8.2\",IF(C16=9,\"110х10\",IF(C16=10.22,\"125х11.4\",IF(C16=11.46,\"140х12.7\",IF(C16=13.08,\"160х14.6\",IF(C16=14.72,\"180х16.4\",IF(C16=16.36,\"200х18.2\",IF(C16=18.4,\"225х20.5\",IF(C16=20.46,\"250х22.7\",IF(С19=25.78,\"315х28.6\",\"Далее нет. Переходите на сталь\")))))))))))))))))","v":"200х18.2"},{"$f":"'Расчёт расхода'!G11","v":388.37828000000007},null,68.8,null,0,null,6.88,null,75.679999999999993,null,1.2005792824112664,null,90.859840092884639,null,2769.7299404617729,null,60027.030702060794,4.2787286063569685E-5,16.471889524569232,20.5]
[{"$f":"'Расчёт расхода'!A12","v":7},"м",14.72,{"$f":"IF(C17=1.4,\"20х3\",IF(C17=1.9,\"25х3\",IF(C17=2.6,\"32х3\",IF(C17=3.26,\"40х3.7\",IF(C17=4.08,\"50х4.6\",IF(C17=5.14,\"63х5.8\",IF(C17=6.14,\"75х6.8\",IF(C17=7.36,\"90х8.2\",IF(C17=9,\"110х10\",IF(C17=10.22,\"125х11.4\",IF(C17=11.46,\"140х12.7\",IF(C17=13.08,\"160х14.6\",IF(C17=14.72,\"180х16.4\",IF(C17=16.36,\"200х18.2\",IF(C17=18.4,\"225х20.5\",IF(C17=20.46,\"250х22.7\",IF(С19=25.78,\"315х28.6\",\"Далее нет. Переходите на сталь\")))))))))))))))))","v":"180х16.4"},{"$f":"'Расчёт расхода'!G12","v":357.82828000000006},null,10,null,0,null,1,null,11,null,1.7201958479529711,null,18.922154327482684,null,2750.8077861342904,null,61467.008501552809,4.7554347826086956E-5,15.982138840160712,20.5]
[{"$f":"'Расчёт расхода'!A13","v":8},"м",14.72,{"$f":"IF(C18=1.4,\"20х3\",IF(C18=1.9,\"25х3\",IF(C18=2.6,\"32х3\",IF(C18=3.26,\"40х3.7\",IF(C18=4.08,\"50х4.6\",IF(C18=5.14,\"63х5.8\",IF(C18=6.14,\"75х6.8\",IF(C18=7.36,\"90х8.2\",IF(C18=9,\"110х10\",IF(C18=10.22,\"125х11.4\",IF(C18=11.46,\"140х12.7\",IF(C18=13.08,\"160х14.6\",IF(C18=14.72,\"180х16.4\",IF(C18=16.36,\"200х18.2\",IF(C18=18.4,\"225х20.5\",IF(C18=20.46,\"250х22.7\",IF(С19=25.78,\"315х28.6\",\"Далее нет. Переходите на сталь\")))))))))))))))))","v":"180х16.4"},{"$f":"'Расчёт расхода'!G13","v":350.90092000000004},null,17.7,null,0,null,1.77,null,19.47,null,1.6620095292375936,null,32.359325534255944,null,2718.4484606000347,null,60277.04079968945,4.7554347826086956E-5,15.867443028471353,20.5]
[{"$f":"'Расчёт расхода'!A14","v":9},"м",14.72,{"$f":"IF(C19=1.4,\"20х3\",IF(C19=1.9,\"25х3\",IF(C19=2.6,\"32х3\",IF(C19=3.26,\"40х3.7\",IF(C19=4.08,\"50х4.6\",IF(C19=5.14,\"63х5.8\",IF(C19=6.14,\"75х6.8\",IF(C19=7.36,\"90х8.2\",IF(C19=9,\"110х10\",IF(C19=10.22,\"125х11.4\",IF(C19=11.46,\"140х12.7\",IF(C19=13.08,\"160х14.6\",IF(C19=14.72,\"180х16.4\",IF(C19=16.36,\"200х18.2\",IF(C19=18.4,\"225х20.5\",IF(C19=20.46,\"250х22.7\",IF(С19=25.78,\"315х28.6\",\"Далее нет. Переходите на сталь\")))))))))))))))))","v":"180х16.4"},{"$f":"'Расчёт расхода'!G14","v":293.42092000000002},null,60.5,null,0,null,6.0500000000000007,null,66.55,null,1.2132453225980286,null,80.741476218898796,null,2637.706984381136,null,50403.244215838509,4.7554347826086956E-5,14.855355577246096,20.5]
[{"$f":"'Расчёт расхода'!A15","v":10},"м",13.08,{"$f":"IF(C20=1.4,\"20х3\",IF(C20=1.9,\"25х3\",IF(C20=2.6,\"32х3\",IF(C20=3.26,\"40х3.7\",IF(C20=4.08,\"50х4.6\",IF(C20=5.14,\"63х5.8\",IF(C20=6.14,\"75х6.8\",IF(C20=7.36,\"90х8.2\",IF(C20=9,\"110х10\",IF(C20=10.22,\"125х11.4\",IF(C20=11.46,\"140х12.7\",IF(C20=13.08,\"160х14.6\",IF(C20=14.72,\"180х16.4\",IF(C20=16.36,\"200х18.2\",IF(C20=18.4,\"225х20.5\",IF(C20=20.46,\"250х22.7\",IF(С19=25.78,\"315х28.6\",\"Далее нет. Переходите на сталь\")))))))))))))))))","v":"160х14.6"},{"$f":"'Расчёт расхода'!G15","v":278.12080000000003},null,59.4,null,0,null,5.94,null,65.34,null,1.9393723770723708,null,126.71859111790872,null,2510.9883932632274,null,53765.161205766723,5.3516819571865445E-5,14.565133190695702,14.8]
[{"$f":"'Расчёт расхода'!A16","v":11},"м",13.08,{"$f":"IF(C21=1.4,\"20х3\",IF(C21=1.9,\"25х3\",IF(C21=2.6,\"32х3\",IF(C21=3.26,\"40х3.7\",IF(C21=4.08,\"50х4.6\",IF(C21=5.14,\"63х5.8\",IF(C21=6.14,\"75х6.8\",IF(C21=7.36,\"90х8.2\",IF(C21=9,\"110х10\",IF(C21=10.22,\"125х11.4\",IF(C21=11.46,\"140х12.7\",IF(C21=13.08,\"160х14.6\",IF(C21=14.72,\"180х16.4\",IF(C21=16.36,\"200х18.2\",IF(C21=18.4,\"225х20.5\",IF(C21=20.46,\"250х22.7\",IF(С19=25.78,\"315х28.6\",\"Далее нет. Переходите на сталь\")))))))))))))))))","v":"160х14.6"},{"$f":"'Расчёт расхода'!G16","v":211.23080000000002},null,39.4,null,0,null,3.94,null,43.339999999999996,null,1.1953996197219801,null,51.808619518750611,null,2459.1797737444767,null,40834.263433813896,5.3516819571865445E-5,13.161242869553647,14.8]
[{"$f":"'Расчёт расхода'!A17","v":12},"м",11.46,{"$f":"IF(C22=1.4,\"20х3\",IF(C22=1.9,\"25х3\",IF(C22=2.6,\"32х3\",IF(C22=3.26,\"40х3.7\",IF(C22=4.08,\"50х4.6\",IF(C22=5.14,\"63х5.8\",IF(C22=6.14,\"75х6.8\",IF(C22=7.36,\"90х8.2\",IF(C22=9,\"110х10\",IF(C22=10.22,\"125х11.4\",IF(C22=11.46,\"140х12.7\",IF(C22=13.08,\"160х14.6\",IF(C22=14.72,\"180х16.4\",IF(C22=16.36,\"200х18.2\",IF(C22=18.4,\"225х20.5\",IF(C22=20.46,\"250х22.7\",IF(С19=25.78,\"315х28.6\",\"Далее нет. Переходите на сталь\")))))))))))))))))","v":"140х12.7"},{"$f":"'Расчёт расхода'!G17","v":192.33332000000001},null,31,null,0,null,3.1,null,34.1,null,1.9040150751039671,null,64.926914061045281,null,2394.2528596834313,null,42437.045175766645,6.1082024432809761E-5,12.714555038410376,14.8]
[{"$f":"'Расчёт расхода'!A18","v":13},"м",11.46,{"$f":"IF(C23=1.4,\"20х3\",IF(C23=1.9,\"25х3\",IF(C23=2.6,\"32х3\",IF(C23=3.26,\"40х3.7\",IF(C23=4.08,\"50х4.6\",IF(C23=5.14,\"63х5.8\",IF(C23=6.14,\"75х6.8\",IF(C23=7.36,\"90х8.2\",IF(C23=9,\"110х10\",IF(C23=10.22,\"125х11.4\",IF(C23=11.46,\"140х12.7\",IF(C23=13.08,\"160х14.6\",IF(C23=14.72,\"180х16.4\",IF(C23=16.36,\"200х18.2\",IF(C23=18.4,\"225х20.5\",IF(C23=20.46,\"250х22.7\",IF(С19=25.78,\"315х28.6\",\"Далее нет. Переходите на сталь\")))))))))))))))))","v":"140х12.7"},{"$f":"'Расчёт расхода'!G18","v":166.67332000000002},null,46.5,null,0,null,4.6500000000000004,null,51.15,null,1.4801567062304495,null,75.710015523687488,null,{"$f":"IF(A23-A22=1,S22-Q23,S11)","v":2318.5428441597437},null,36775.339865370232,6.1082024432809761E-5,12.061175444007306,14.8]
[{"$f":"'Расчёт расхода'!A19","v":14},"м",10.220000000000001,{"$f":"IF(C24=1.4,\"20х3\",IF(C24=1.9,\"25х3\",IF(C24=2.6,\"32х3\",IF(C24=3.26,\"40х3.7\",IF(C24=4.08,\"50х4.6\",IF(C24=5.14,\"63х5.8\",IF(C24=6.14,\"75х6.8\",IF(C24=7.36,\"90х8.2\",IF(C24=9,\"110х10\",IF(C24=10.22,\"125х11.4\",IF(C24=11.46,\"140х12.7\",IF(C24=13.08,\"160х14.6\",IF(C24=14.72,\"180х16.4\",IF(C24=16.36,\"200х18.2\",IF(C24=18.4,\"225х20.5\",IF(C24=20.46,\"250х22.7\",IF(С19=25.78,\"315х28.6\",\"Далее нет. Переходите на сталь\")))))))))))))))))","v":"125х11.4"},{"$f":"'Расчёт расхода'!G19","v":119.11332000000002},null,31.1,null,0,null,3.1100000000000003,null,34.21,null,1.4153222596859256,null,48.418174503855518,null,2270.1246696558883,null,29470.307017053401,6.8493150684931502E-5,10.656997954343694,14.8]
[{"$f":"'Расчёт расхода'!A20","v":15},"м",10.220000000000001,{"$f":"IF(C25=1.4,\"20х3\",IF(C25=1.9,\"25х3\",IF(C25=2.6,\"32х3\",IF(C25=3.26,\"40х3.7\",IF(C25=4.08,\"50х4.6\",IF(C25=5.14,\"63х5.8\",IF(C25=6.14,\"75х6.8\",IF(C25=7.36,\"90х8.2\",IF(C25=9,\"110х10\",IF(C25=10.22,\"125х11.4\",IF(C25=11.46,\"140х12.7\",IF(C25=13.08,\"160х14.6\",IF(C25=14.72,\"180х16.4\",IF(C25=16.36,\"200х18.2\",IF(C25=18.4,\"225х20.5\",IF(C25=20.46,\"250х22.7\",IF(С19=25.78,\"315х28.6\",\"Далее нет. Переходите на сталь\")))))))))))))))))","v":"125х11.4"},{"$f":"'Расчёт расхода'!G20","v":109.23780000000001},null,53.4,null,0,null,5.34,null,58.739999999999995,null,1.2156757235179221,null,71.408791999442741,null,2198.7158776564456,null,27026.964774951077,6.8493150684931502E-5,10.322547704266464,14.8]
[{"$f":"'Расчёт расхода'!A21","v":16},"м",9,{"$f":"IF(C26=1.4,\"20х3\",IF(C26=1.9,\"25х3\",IF(C26=2.6,\"32х3\",IF(C26=3.26,\"40х3.7\",IF(C26=4.08,\"50х4.6\",IF(C26=5.14,\"63х5.8\",IF(C26=6.14,\"75х6.8\",IF(C26=7.36,\"90х8.2\",IF(C26=9,\"110х10\",IF(C26=10.22,\"125х11.4\",IF(C26=11.46,\"140х12.7\",IF(C26=13.08,\"160х14.6\",IF(C26=14.72,\"180х16.4\",IF(C26=16.36,\"200х18.2\",IF(C26=18.4,\"225х20.5\",IF(C26=20.46,\"250х22.7\",IF(С19=25.78,\"315х28.6\",\"Далее нет. Переходите на сталь\")))))))))))))))))","v":"110х10"},{"$f":"'Расчёт расхода'!G21","v":85.887799999999999},null,23.2,null,0,null,2.3199999999999998,null,25.52,null,1.4599058394657123,null,37.256797023164978,null,2161.4590806332808,null,24130.381904761907,7.7777777777777782E-5,9.4473164649885994,14.8]
[{"$f":"'Расчёт расхода'!A22","v":17},"м",7.36,{"$f":"IF(C27=1.4,\"20х3\",IF(C27=1.9,\"25х3\",IF(C27=2.6,\"32х3\",IF(C27=3.26,\"40х3.7\",IF(C27=4.08,\"50х4.6\",IF(C27=5.14,\"63х5.8\",IF(C27=6.14,\"75х6.8\",IF(C27=7.36,\"90х8.2\",IF(C27=9,\"110х10\",IF(C27=10.22,\"125х11.4\",IF(C27=11.46,\"140х12.7\",IF(C27=13.08,\"160х14.6\",IF(C27=14.72,\"180х16.4\",IF(C27=16.36,\"200х18.2\",IF(C27=18.4,\"225х20.5\",IF(C27=20.46,\"250х22.7\",IF(С19=25.78,\"315х28.6\",\"Далее нет. Переходите на сталь\")))))))))))))))))","v":"90х8.2"},{"$f":"'Расчёт расхода'!G22","v":62.493636363636355},null,54.7,null,0,null,5.4700000000000006,null,60.17,null,2.1771879156367704,null,131.00139688386449,null,2030.4576837494162,null,21470.057523997741,9.5108695652173911E-5,8.4029369873675588,14.8]
[{"$f":"'Расчёт расхода'!A23","v":18},"м",7.36,{"$f":"IF(C28=1.4,\"20х3\",IF(C28=1.9,\"25х3\",IF(C28=2.6,\"32х3\",IF(C28=3.26,\"40х3.7\",IF(C28=4.08,\"50х4.6\",IF(C28=5.14,\"63х5.8\",IF(C28=6.14,\"75х6.8\",IF(C28=7.36,\"90х8.2\",IF(C28=9,\"110х10\",IF(C28=10.22,\"125х11.4\",IF(C28=11.46,\"140х12.7\",IF(C28=13.08,\"160х14.6\",IF(C28=14.72,\"180х16.4\",IF(C28=16.36,\"200х18.2\",IF(C28=18.4,\"225х20.5\",IF(C28=20.46,\"250х22.7\",IF(С19=25.78,\"315х28.6\",\"Далее нет. Переходите на сталь\")))))))))))))))))","v":"90х8.2"},{"$f":"'Расчёт расхода'!G23","v":58.798981818181822},null,25.4,null,0,null,2.54,null,27.939999999999998,null,1.9561098433903168,null,54.653709024325444,null,1975.8039747250907,null,20200.7371541502,9.5108695652173911E-5,8.2163792823962201,14.8]
[{"$f":"'Расчёт расхода'!A24","v":19},"м",7.36,{"$f":"IF(C29=1.4,\"20х3\",IF(C29=1.9,\"25х3\",IF(C29=2.6,\"32х3\",IF(C29=3.26,\"40х3.7\",IF(C29=4.08,\"50х4.6\",IF(C29=5.14,\"63х5.8\",IF(C29=6.14,\"75х6.8\",IF(C29=7.36,\"90х8.2\",IF(C29=9,\"110х10\",IF(C29=10.22,\"125х11.4\",IF(C29=11.46,\"140х12.7\",IF(C29=13.08,\"160х14.6\",IF(C29=14.72,\"180х16.4\",IF(C29=16.36,\"200х18.2\",IF(C29=18.4,\"225х20.5\",IF(C29=20.46,\"250х22.7\",IF(С19=25.78,\"315х28.6\",\"Далее нет. Переходите на сталь\")))))))))))))))))","v":"90х8.2"},{"$f":"'Расчёт расхода'!G24","v":54.855381818181826},null,14.8,null,0,null,1.4800000000000002,null,16.28,null,1.7315282797197664,null,28.189280393837798,null,1947.6146943312528,null,18845.890104460763,9.5108695652173911E-5,8.0088908801574021,14.8]
[{"$f":"'Расчёт расхода'!A25","v":20},"м",7.36,{"$f":"IF(C30=1.4,\"20х3\",IF(C30=1.9,\"25х3\",IF(C30=2.6,\"32х3\",IF(C30=3.26,\"40х3.7\",IF(C30=4.08,\"50х4.6\",IF(C30=5.14,\"63х5.8\",IF(C30=6.14,\"75х6.8\",IF(C30=7.36,\"90х8.2\",IF(C30=9,\"110х10\",IF(C30=10.22,\"125х11.4\",IF(C30=11.46,\"140х12.7\",IF(C30=13.08,\"160х14.6\",IF(C30=14.72,\"180х16.4\",IF(C30=16.36,\"200х18.2\",IF(C30=18.4,\"225х20.5\",IF(C30=20.46,\"250х22.7\",IF(С19=25.78,\"315х28.6\",\"Далее нет. Переходите на сталь\")))))))))))))))))","v":"90х8.2"},{"$f":"'Расчёт расхода'!G25","v":47.194072727272726},null,15.2,null,0,null,1.52,null,16.72,null,1.3295633832695213,null,22.230299768266395,null,1925.3843945629865,null,16213.802159796725,9.5108695652173911E-5,7.5770956838924892,14.8]
[{"$f":"'Расчёт расхода'!A26","v":21},"м",6.14,{"$f":"IF(C31=1.4,\"20х3\",IF(C31=1.9,\"25х3\",IF(C31=2.6,\"32х3\",IF(C31=3.26,\"40х3.7\",IF(C31=4.08,\"50х4.6\",IF(C31=5.14,\"63х5.8\",IF(C31=6.14,\"75х6.8\",IF(C31=7.36,\"90х8.2\",IF(C31=9,\"110х10\",IF(C31=10.22,\"125х11.4\",IF(C31=11.46,\"140х12.7\",IF(C31=13.08,\"160х14.6\",IF(C31=14.72,\"180х16.4\",IF(C31=16.36,\"200х18.2\",IF(C31=18.4,\"225х20.5\",IF(C31=20.46,\"250х22.7\",IF(С19=25.78,\"315х28.6\",\"Далее нет. Переходите на сталь\")))))))))))))))))","v":"75х6.8"},{"$f":"'Расчёт расхода'!G26","v":38.069272727272725},null,15.7,null,0,null,1.57,null,17.27,null,2.1610431095472129,null,37.321214501880362,null,1888.0631800611061,null,15677.666990989468,1.1400651465798046E-4,7.0004239684252321,14.8]
[{"$f":"'Расчёт расхода'!A27","v":22},"м",6.14,{"$f":"IF(C32=1.4,\"20х3\",IF(C32=1.9,\"25х3\",IF(C32=2.6,\"32х3\",IF(C32=3.26,\"40х3.7\",IF(C32=4.08,\"50х4.6\",IF(C32=5.14,\"63х5.8\",IF(C32=6.14,\"75х6.8\",IF(C32=7.36,\"90х8.2\",IF(C32=9,\"110х10\",IF(C32=10.22,\"125х11.4\",IF(C32=11.46,\"140х12.7\",IF(C32=13.08,\"160х14.6\",IF(C32=14.72,\"180х16.4\",IF(C32=16.36,\"200х18.2\",IF(C32=18.4,\"225х20.5\",IF(C32=20.46,\"250х22.7\",IF(С19=25.78,\"315х28.6\",\"Далее нет. Переходите на сталь\")))))))))))))))))","v":"75х6.8"},{"$f":"'Расчёт расхода'!G27","v":30.972363636363635},null,14.1,null,null,null,1.4100000000000001,null,15.51,null,1.5043319822543506,null,23.332189044764977,null,1864.730991016341,null,12755.021786031559,1.1400651465798046E-4,6.4880431834264831,14.8]
[{"$f":"'Расчёт расхода'!A28","v":23},"м",5.14,{"$f":"IF(C33=1.4,\"20х3\",IF(C33=1.9,\"25х3\",IF(C33=2.6,\"32х3\",IF(C33=3.26,\"40х3.7\",IF(C33=4.08,\"50х4.6\",IF(C33=5.14,\"63х5.8\",IF(C33=6.14,\"75х6.8\",IF(C33=7.36,\"90х8.2\",IF(C33=9,\"110х10\",IF(C33=10.22,\"125х11.4\",IF(C33=11.46,\"140х12.7\",IF(C33=13.08,\"160х14.6\",IF(C33=14.72,\"180х16.4\",IF(C33=16.36,\"200х18.2\",IF(C33=18.4,\"225х20.5\",IF(C33=20.46,\"250х22.7\",IF(С19=25.78,\"315х28.6\",\"Далее нет. Переходите на сталь\")))))))))))))))))","v":"63х5.8"},{"$f":"'Расчёт расхода'!G28","v":22.466363636363639},null,14.6,null,null,null,1.46,null,16.059999999999999,null,1.9958391610718065,null,32.053176926813208,null,1832.6778140895278,null,11052.102177977667,1.3618677042801557E-4,5.7642196749743322,14.8]
[{"$f":"'Расчёт расхода'!A29","v":24},"м",5.14,{"$f":"IF(C34=1.4,\"20х3\",IF(C34=1.9,\"25х3\",IF(C34=2.6,\"32х3\",IF(C34=3.26,\"40х3.7\",IF(C34=4.08,\"50х4.6\",IF(C34=5.14,\"63х5.8\",IF(C34=6.14,\"75х6.8\",IF(C34=7.36,\"90х8.2\",IF(C34=9,\"110х10\",IF(C34=10.22,\"125х11.4\",IF(C34=11.46,\"140х12.7\",IF(C34=13.08,\"160х14.6\",IF(C34=14.72,\"180х16.4\",IF(C34=16.36,\"200х18.2\",IF(C34=18.4,\"225х20.5\",IF(C34=20.46,\"250х22.7\",IF(С19=25.78,\"315х28.6\",\"Далее нет. Переходите на сталь\")))))))))))))))))","v":"63х5.8"},{"$f":"'Расчёт расхода'!G29","v":17.50690909090909},null,15.4,null,null,null,1.54,null,16.940000000000001,null,1.2883675365379301,null,21.824946068952539,null,1810.8528680205752,null,8612.3482742937995,1.3618677042801557E-4,5.2581374735172606,14.8]
[{"$f":"'Расчёт расхода'!A30","v":121},"м",9,{"$f":"IF(C35=1.4,\"20х3\",IF(C35=1.9,\"25х3\",IF(C35=2.6,\"32х3\",IF(C35=3.26,\"40х3.7\",IF(C35=4.08,\"50х4.6\",IF(C35=5.14,\"63х5.8\",IF(C35=6.14,\"75х6.8\",IF(C35=7.36,\"90х8.2\",IF(C35=9,\"110х10\",IF(C35=10.22,\"125х11.4\",IF(C35=11.46,\"140х12.7\",IF(C35=13.08,\"160х14.6\",IF(C35=14.72,\"180х16.4\",IF(C35=16.36,\"200х18.2\",IF(C35=18.4,\"225х20.5\",IF(C35=20.46,\"250х22.7\",IF(С19=25.78,\"315х28.6\",\"Далее нет. Переходите на сталь\")))))))))))))))))","v":"110х10"},{"$f":"'Расчёт расхода'!G30","v":124.76519999999999},null,{"$f":"3.47+6.17+98.91","v":108.55},null,null,null,10.855,null,119.405,null,2.8146192317962448,null,336.07960937263061,null,{"$f":"S12-Q35","v":2631.4430055178163},null,35053.08,7.7777777777777782E-5,{"$f":"(626*0.0446*$E$1*E35^1.75*$Q$2/1200)^(1/4.75)","v":9.1648973477228814},14.8]
[{"$f":"'Расчёт расхода'!A31","v":122},"м",7.36,{"$f":"IF(C36=1.4,\"20х3\",IF(C36=1.9,\"25х3\",IF(C36=2.6,\"32х3\",IF(C36=3.26,\"40х3.7\",IF(C36=4.08,\"50х4.6\",IF(C36=5.14,\"63х5.8\",IF(C36=6.14,\"75х6.8\",IF(C36=7.36,\"90х8.2\",IF(C36=9,\"110х10\",IF(C36=10.22,\"125х11.4\",IF(C36=11.46,\"140х12.7\",IF(C36=13.08,\"160х14.6\",IF(C36=14.72,\"180х16.4\",IF(C36=16.36,\"200х18.2\",IF(C36=18.4,\"225х20.5\",IF(C36=20.46,\"250х22.7\",IF(С19=25.78,\"315х28.6\",\"Далее нет. Переходите на сталь\")))))))))))))))))","v":"90х8.2"},{"$f":"'Расчёт расхода'!G31","v":117.31},null,{"$f":"2.01+41.05","v":43.059999999999995},null,null,null,4.306,null,47.365999999999993,null,6.59568114199873,null,312.41103297191182,null,2319.0319725459044,null,40302.542701863349,9.5108695652173911E-5,{"$f":"(626*0.0446*$E$1*E36^1.75*$Q$2/1200)^(1/4.75)","v":8.959200072800181},14.8]
[{"$f":"'Расчёт расхода'!A32","v":123},"м",7.36,{"$f":"IF(C37=1.4,\"20х3\",IF(C37=1.9,\"25х3\",IF(C37=2.6,\"32х3\",IF(C37=3.26,\"40х3.7\",IF(C37=4.08,\"50х4.6\",IF(C37=5.14,\"63х5.8\",IF(C37=6.14,\"75х6.8\",IF(C37=7.36,\"90х8.2\",IF(C37=9,\"110х10\",IF(C37=10.22,\"125х11.4\",IF(C37=11.46,\"140х12.7\",IF(C37=13.08,\"160х14.6\",IF(C37=14.72,\"180х16.4\",IF(C37=16.36,\"200х18.2\",IF(C37=18.4,\"225х20.5\",IF(C37=20.46,\"250х22.7\",IF(С19=25.78,\"315х28.6\",\"Далее нет. Переходите на сталь\")))))))))))))))))","v":"90х8.2"},{"$f":"'Расчёт расхода'!G32","v":111.42354285714286},null,31.43,null,null,null,3.1430000000000002,null,34.573,null,6.0234051650505007,null,208.24718677129096,null,2110.7847857746133,null,38280.21561668146,9.5108695652173911E-5,8.7908739109105394,14.8]
[{"$f":"'Расчёт расхода'!A33","v":124},"м",7.36,{"$f":"IF(C38=1.4,\"20х3\",IF(C38=1.9,\"25х3\",IF(C38=2.6,\"32х3\",IF(C38=3.26,\"40х3.7\",IF(C38=4.08,\"50х4.6\",IF(C38=5.14,\"63х5.8\",IF(C38=6.14,\"75х6.8\",IF(C38=7.36,\"90х8.2\",IF(C38=9,\"110х10\",IF(C38=10.22,\"125х11.4\",IF(C38=11.46,\"140х12.7\",IF(C38=13.08,\"160х14.6\",IF(C38=14.72,\"180х16.4\",IF(C38=16.36,\"200х18.2\",IF(C38=18.4,\"225х20.5\",IF(C38=20.46,\"250х22.7\",IF(С19=25.78,\"315х28.6\",\"Далее нет. Переходите на сталь\")))))))))))))))))","v":"90х8.2"},{"$f":"'Расчёт расхода'!G33","v":105.50988571428572},null,70.64,null,null,null,7.0640000000000001,null,77.704000000000008,null,5.4714486368874278,null,425.1534448807007,null,1685.6313408939127,null,36248.543811002659,9.5108695652173911E-5,8.6160148035853581,14.8]
[{"$f":"'Расчёт расхода'!A34","v":125},"м",7.36,{"$f":"IF(C39=1.4,\"20х3\",IF(C39=1.9,\"25х3\",IF(C39=2.6,\"32х3\",IF(C39=3.26,\"40х3.7\",IF(C39=4.08,\"50х4.6\",IF(C39=5.14,\"63х5.8\",IF(C39=6.14,\"75х6.8\",IF(C39=7.36,\"90х8.2\",IF(C39=9,\"110х10\",IF(C39=10.22,\"125х11.4\",IF(C39=11.46,\"140х12.7\",IF(C39=13.08,\"160х14.6\",IF(C39=14.72,\"180х16.4\",IF(C39=16.36,\"200х18.2\",IF(C39=18.4,\"225х20.5\",IF(C39=20.46,\"250х22.7\",IF(С19=25.78,\"315х28.6\",\"Далее нет. Переходите на сталь\")))))))))))))))))","v":"90х8.2"},{"$f":"'Расчёт расхода'!G34","v":99.569028571428575},null,17.55,null,null,null,1.7550000000000001,null,19.305,null,4.9403936362263874,null,95.374299147350413,null,1590.2570417465622,null,34207.527284826974,9.5108695652173911E-5,8.4340018172375135,14.8]
[{"$f":"'Расчёт расхода'!A35","v":126},"м",7.36,{"$f":"IF(C40=1.4,\"20х3\",IF(C40=1.9,\"25х3\",IF(C40=2.6,\"32х3\",IF(C40=3.26,\"40х3.7\",IF(C40=4.08,\"50х4.6\",IF(C40=5.14,\"63х5.8\",IF(C40=6.14,\"75х6.8\",IF(C40=7.36,\"90х8.2\",IF(C40=9,\"110х10\",IF(C40=10.22,\"125х11.4\",IF(C40=11.46,\"140х12.7\",IF(C40=13.08,\"160х14.6\",IF(C40=14.72,\"180х16.4\",IF(C40=16.36,\"200х18.2\",IF(C40=18.4,\"225х20.5\",IF(C40=20.46,\"250х22.7\",IF(С19=25.78,\"315х28.6\",\"Далее нет. Переходите на сталь\")))))))))))))))))","v":"90х8.2"},{"$f":"'Расчёт расхода'!G35","v":93.600971428571427},null,17.399999999999999,null,null,null,1.74,null,19.139999999999997,null,4.4308527097969286,null,84.806520865513207,null,1505.450520881049,null,32157.166038154392,9.5108695652173911E-5,8.2441109364581724,14.8]
[{"$f":"'Расчёт расхода'!A36","v":127},"м",7.36,{"$f":"IF(C41=1.4,\"20х3\",IF(C41=1.9,\"25х3\",IF(C41=2.6,\"32х3\",IF(C41=3.26,\"40х3.7\",IF(C41=4.08,\"50х4.6\",IF(C41=5.14,\"63х5.8\",IF(C41=6.14,\"75х6.8\",IF(C41=7.36,\"90х8.2\",IF(C41=9,\"110х10\",IF(C41=10.22,\"125х11.4\",IF(C41=11.46,\"140х12.7\",IF(C41=13.08,\"160х14.6\",IF(C41=14.72,\"180х16.4\",IF(C41=16.36,\"200х18.2\",IF(C41=18.4,\"225х20.5\",IF(C41=20.46,\"250х22.7\",IF(С19=25.78,\"315х28.6\",\"Далее нет. Переходите на сталь\")))))))))))))))))","v":"90х8.2"},{"$f":"'Расчёт расхода'!G36","v":87.605714285714285},null,11.2,null,null,null,1.1199999999999999,null,12.319999999999999,null,3.9434731037514892,null,48.583588638218338,null,1456.8669322428307,null,30097.460070984915,9.5108695652173911E-5,8.0454897866637172,14.8]
[{"$f":"'Расчёт расхода'!A37","v":128},"м",6.14,{"$f":"IF(C42=1.4,\"20х3\",IF(C42=1.9,\"25х3\",IF(C42=2.6,\"32х3\",IF(C42=3.26,\"40х3.7\",IF(C42=4.08,\"50х4.6\",IF(C42=5.14,\"63х5.8\",IF(C42=6.14,\"75х6.8\",IF(C42=7.36,\"90х8.2\",IF(C42=9,\"110х10\",IF(C42=10.22,\"125х11.4\",IF(C42=11.46,\"140х12.7\",IF(C42=13.08,\"160х14.6\",IF(C42=14.72,\"180х16.4\",IF(C42=16.36,\"200х18.2\",IF(C42=18.4,\"225х20.5\",IF(C42=20.46,\"250х22.7\",IF(С19=25.78,\"315х28.6\",\"Далее нет. Переходите на сталь\")))))))))))))))))","v":"75х6.8"},{"$f":"'Расчёт расхода'!G37","v":66.495847619047623},null,7.6,null,null,null,0.76,null,8.36,null,5.7624077730087828,null,48.173728982353424,null,1408.6932032604773,null,27384.283454098259,1.1400651465798046E-4,7.2683950094408649,14.8]
[{"$f":"'Расчёт расхода'!A38","v":129},"м",6.14,{"$f":"IF(C43=1.4,\"20х3\",IF(C43=1.9,\"25х3\",IF(C43=2.6,\"32х3\",IF(C43=3.26,\"40х3.7\",IF(C43=4.08,\"50х4.6\",IF(C43=5.14,\"63х5.8\",IF(C43=6.14,\"75х6.8\",IF(C43=7.36,\"90х8.2\",IF(C43=9,\"110х10\",IF(C43=10.22,\"125х11.4\",IF(C43=11.46,\"140х12.7\",IF(C43=13.08,\"160х14.6\",IF(C43=14.72,\"180х16.4\",IF(C43=16.36,\"200х18.2\",IF(C43=18.4,\"225х20.5\",IF(C43=20.46,\"250х22.7\",IF(С19=25.78,\"315х28.6\",\"Далее нет. Переходите на сталь\")))))))))))))))))","v":"75х6.8"},{"$f":"'Расчёт расхода'!G38","v":60.44619047619048},null,16.5,null,null,null,1.6500000000000001,null,18.149999999999999,null,4.8716376048076446,null,88.420222527258744,null,1320.2729807332184,null,24892.916971348801,1.1400651465798046E-4,7.0174037028257237,14.8]
[{"$f":"'Расчёт расхода'!A39","v":130},"м",6.14,{"$f":"IF(C44=1.4,\"20х3\",IF(C44=1.9,\"25х3\",IF(C44=2.6,\"32х3\",IF(C44=3.26,\"40х3.7\",IF(C44=4.08,\"50х4.6\",IF(C44=5.14,\"63х5.8\",IF(C44=6.14,\"75х6.8\",IF(C44=7.36,\"90х8.2\",IF(C44=9,\"110х10\",IF(C44=10.22,\"125х11.4\",IF(C44=11.46,\"140х12.7\",IF(C44=13.08,\"160х14.6\",IF(C44=14.72,\"180х16.4\",IF(C44=16.36,\"200х18.2\",IF(C44=18.4,\"225х20.5\",IF(C44=20.46,\"250х22.7\",IF(С19=25.78,\"315х28.6\",\"Далее нет. Переходите на сталь\")))))))))))))))))","v":"75х6.8"},{"$f":"'Расчёт расхода'!G39","v":53.48533333333333},null,32,null,null,null,3.2,null,35.200000000000003,null,3.9281519875382478,null,138.27094996134633,null,1182.0020307718721,null,22026.300604932527,1.1400651465798046E-4,6.7081179961903015,14.8]
[{"$f":"'Расчёт расхода'!A40","v":131},"м",6.14,{"$f":"IF(C45=1.4,\"20х3\",IF(C45=1.9,\"25х3\",IF(C45=2.6,\"32х3\",IF(C45=3.26,\"40х3.7\",IF(C45=4.08,\"50х4.6\",IF(C45=5.14,\"63х5.8\",IF(C45=6.14,\"75х6.8\",IF(C45=7.36,\"90х8.2\",IF(C45=9,\"110х10\",IF(C45=10.22,\"125х11.4\",IF(C45=11.46,\"140х12.7\",IF(C45=13.08,\"160х14.6\",IF(C45=14.72,\"180х16.4\",IF(C45=16.36,\"200х18.2\",IF(C45=18.4,\"225х20.5\",IF(C45=20.46,\"250х22.7\",IF(С19=25.78,\"315х28.6\",\"Далее нет. Переходите на сталь\")))))))))))))))))","v":"75х6.8"},{"$f":"'Расчёт расхода'!G40","v":50.837999999999994},null,15.87,null,null,null,1.587,null,17.457000000000001,null,3.5926581540678124,null,62.717033395561806,null,1119.2849973763102,null,20936.077245230339,1.1400651465798046E-4,6.583826697261344,14.8]
[{"$f":"'Расчёт расхода'!A41","v":132},"м",5.14,{"$f":"IF(C46=1.4,\"20х3\",IF(C46=1.9,\"25х3\",IF(C46=2.6,\"32х3\",IF(C46=3.26,\"40х3.7\",IF(C46=4.08,\"50х4.6\",IF(C46=5.14,\"63х5.8\",IF(C46=6.14,\"75х6.8\",IF(C46=7.36,\"90х8.2\",IF(C46=9,\"110х10\",IF(C46=10.22,\"125х11.4\",IF(C46=11.46,\"140х12.7\",IF(C46=13.08,\"160х14.6\",IF(C46=14.72,\"180х16.4\",IF(C46=16.36,\"200х18.2\",IF(C46=18.4,\"225х20.5\",IF(C46=20.46,\"250х22.7\",IF(С19=25.78,\"315х28.6\",\"Далее нет. Переходите на сталь\")))))))))))))))))","v":"63х5.8"},{"$f":"'Расчёт расхода'!G41","v":33.016000000000005},null,19.87,null,null,null,1.9870000000000001,null,21.856999999999999,null,3.9247214419575953,null,85.78263655686716,null,1033.5023608194431,null,16241.889938854923,1.3618677042801557E-4,5.6158138822265649,14.8]
[{"$f":"'Расчёт расхода'!A42","v":133},"м",5.14,{"$f":"IF(C47=1.4,\"20х3\",IF(C47=1.9,\"25х3\",IF(C47=2.6,\"32х3\",IF(C47=3.26,\"40х3.7\",IF(C47=4.08,\"50х4.6\",IF(C47=5.14,\"63х5.8\",IF(C47=6.14,\"75х6.8\",IF(C47=7.36,\"90х8.2\",IF(C47=9,\"110х10\",IF(C47=10.22,\"125х11.4\",IF(C47=11.46,\"140х12.7\",IF(C47=13.08,\"160х14.6\",IF(C47=14.72,\"180х16.4\",IF(C47=16.36,\"200х18.2\",IF(C47=18.4,\"225х20.5\",IF(C47=20.46,\"250х22.7\",IF(С19=25.78,\"315х28.6\",\"Далее нет. Переходите на сталь\")))))))))))))))))","v":"63х5.8"},{"$f":"'Расчёт расхода'!G42","v":26.863999999999997},null,23.4,null,null,null,2.34,null,25.74,null,2.7318122993177365,null,70.316848584438532,null,963.18551223500458,null,13215.475264035575,1.3618677042801557E-4,5.2049817280935056,14.8]
[134,"м",4.08,{"$f":"IF(C48=1.4,\"20х3\",IF(C48=1.9,\"25х3\",IF(C48=2.6,\"32х3\",IF(C48=3.26,\"40х3.7\",IF(C48=4.08,\"50х4.6\",IF(C48=5.14,\"63х5.8\",IF(C48=6.14,\"75х6.8\",IF(C48=7.36,\"90х8.2\",IF(C48=9,\"110х10\",IF(C48=10.22,\"125х11.4\",IF(C48=11.46,\"140х12.7\",IF(C48=13.08,\"160х14.6\",IF(C48=14.72,\"180х16.4\",IF(C48=16.36,\"200х18.2\",IF(C48=18.4,\"225х20.5\",IF(C48=20.46,\"250х22.7\",IF(С19=25.78,\"315х28.6\",\"Далее нет. Переходите на сталь\")))))))))))))))))","v":"50х4.6"},{"$f":"'Расчёт расхода'!G43","v":14.315999999999999},null,25.43,null,null,null,2.5430000000000001,null,27.972999999999999,null,2.7170447835743725,null,76.003893730925924,null,887.18161850407864,null,8872.3109243697472,1.715686274509804E-4,{"$f":"(626*0.0446*$E$1*E48^1.75*$Q$2/1200)^(1/4.75)","v":4.1277338510279895},14.8]
[201,null,5.14,{"$f":"IF(C49=1.4,\"20х3\",IF(C49=1.9,\"25х3\",IF(C49=2.6,\"32х3\",IF(C49=3.26,\"40х3.7\",IF(C49=4.08,\"50х4.6\",IF(C49=5.14,\"63х5.8\",IF(C49=6.14,\"75х6.8\",IF(C49=7.36,\"90х8.2\",IF(C49=9,\"110х10\",IF(C49=10.22,\"125х11.4\",IF(C49=11.46,\"140х12.7\",IF(C49=13.08,\"160х14.6\",IF(C49=14.72,\"180х16.4\",IF(C49=16.36,\"200х18.2\",IF(C49=18.4,\"225х20.5\",IF(C49=20.46,\"250х22.7\",IF(С19=25.78,\"315х28.6\",\"Далее нет. Переходите на сталь\")))))))))))))))))","v":"63х5.8"},{"$f":"'Расчёт расхода'!G44","v":25.06966666666667},null,10.6,null,null,null,1.06,null,11.66,null,2.4194970626057262,null,28.211335749982766,null,{"$f":"S41-Q49","v":1428.655596492848},null,12332.770983879935,1.3618677042801557E-4,{"$f":"(626*0.0446*$E$1*E49^1.75*$Q$3/1200)^(1/4.75)","v":5.5360123482981942},14.8]
[202,null,4.08,{"$f":"IF(C50=1.4,\"20х3\",IF(C50=1.9,\"25х3\",IF(C50=2.6,\"32х3\",IF(C50=3.26,\"40х3.7\",IF(C50=4.08,\"50х4.6\",IF(C50=5.14,\"63х5.8\",IF(C50=6.14,\"75х6.8\",IF(C50=7.36,\"90х8.2\",IF(C50=9,\"110х10\",IF(C50=10.22,\"125х11.4\",IF(C50=11.46,\"140х12.7\",IF(C50=13.08,\"160х14.6\",IF(C50=14.72,\"180х16.4\",IF(C50=16.36,\"200х18.2\",IF(C50=18.4,\"225х20.5\",IF(C50=20.46,\"250х22.7\",IF(С19=25.78,\"315х28.6\",\"Далее нет. Переходите на сталь\")))))))))))))))))","v":"50х4.6"},{"$f":"'Расчёт расхода'!G45","v":19.446000000000002},null,38.299999999999997,null,null,null,3.83,null,42.129999999999995,null,4.6527519713086329,null,196.0204405512327,null,1232.6351559416153,null,12051.617647058825,1.715686274509804E-4,{"$f":"(626*0.0446*$E$1*E50^1.75*$Q$3/1200)^(1/4.75)","v":5.0414268961269171},14.8]
[203,null,4.08,{"$f":"IF(C51=1.4,\"20х3\",IF(C51=1.9,\"25х3\",IF(C51=2.6,\"32х3\",IF(C51=3.26,\"40х3.7\",IF(C51=4.08,\"50х4.6\",IF(C51=5.14,\"63х5.8\",IF(C51=6.14,\"75х6.8\",IF(C51=7.36,\"90х8.2\",IF(C51=9,\"110х10\",IF(C51=10.22,\"125х11.4\",IF(C51=11.46,\"140х12.7\",IF(C51=13.08,\"160х14.6\",IF(C51=14.72,\"180х16.4\",IF(C51=16.36,\"200х18.2\",IF(C51=18.4,\"225х20.5\",IF(C51=20.46,\"250х22.7\",IF(С19=25.78,\"315х28.6\",\"Далее нет. Переходите на сталь\")))))))))))))))))","v":"50х4.6"},{"$f":"'Расчёт расхода'!G46","v":13.686333333333334},null,36.700000000000003,null,null,null,3.6700000000000004,null,40.370000000000005,null,2.5107688733275499,null,101.3597394162332,null,1131.2754165253821,null,8482.0763305322143,1.715686274509804E-4,4.4294862653291247,14.8]
[204,null,3.26,{"$f":"IF(C52=1.4,\"20х3\",IF(C52=1.9,\"25х3\",IF(C52=2.6,\"32х3\",IF(C52=3.26,\"40х3.7\",IF(C52=4.08,\"50х4.6\",IF(C52=5.14,\"63х5.8\",IF(C52=6.14,\"75х6.8\",IF(C52=7.36,\"90х8.2\",IF(C52=9,\"110х10\",IF(C52=10.22,\"125х11.4\",IF(C52=11.46,\"140х12.7\",IF(C52=13.08,\"160х14.6\",IF(C52=14.72,\"180х16.4\",IF(C52=16.36,\"200х18.2\",IF(C52=18.4,\"225х20.5\",IF(C52=20.46,\"250х22.7\",IF(С19=25.78,\"315х28.6\",\"Далее нет. Переходите на сталь\")))))))))))))))))","v":"40х3.7"},{"$f":"'Расчёт расхода'!G47","v":7.8283333333333331},null,17.8,null,null,null,1.7800000000000002,null,19.580000000000002,null,2.7405696856701183,null,53.660354445420921,null,1077.6150620799613,null,6071.9325153374239,2.1472392638036811E-4,3.6055195346552464,14.8]
[{"$f":"'Расчёт расхода'!A48","v":301},null,5.14,{"$f":"IF(C53=1.4,\"20х3\",IF(C53=1.9,\"25х3\",IF(C53=2.6,\"32х3\",IF(C53=3.26,\"40х3.7\",IF(C53=4.08,\"50х4.6\",IF(C53=5.14,\"63х5.8\",IF(C53=6.14,\"75х6.8\",IF(C53=7.36,\"90х8.2\",IF(C53=9,\"110х10\",IF(C53=10.22,\"125х11.4\",IF(C53=11.46,\"140х12.7\",IF(C53=13.08,\"160х14.6\",IF(C53=14.72,\"180х16.4\",IF(C53=16.36,\"200х18.2\",IF(C53=18.4,\"225х20.5\",IF(C53=20.46,\"250х22.7\",IF(С19=25.78,\"315х28.6\",\"Далее нет. Переходите на сталь\")))))))))))))))))","v":"63х5.8"},{"$f":"'Расчёт расхода'!G48","v":26.913163636363635},null,35.5,null,null,null,3.5500000000000003,null,39.049999999999997,null,2.7405996918054436,null,107.02041796500257,null,{"$f":"S26-Q53","v":2054.4386626682781},null,13239.660821668605,1.3618677042801557E-4,{"$f":"(626*0.0446*$E$1*E53^1.75*$Q$4/1200)^(1/4.75)","v":5.6983034137614741},14.8]
[{"$f":"'Расчёт расхода'!A49","v":302},null,5.14,{"$f":"IF(C54=1.4,\"20х3\",IF(C54=1.9,\"25х3\",IF(C54=2.6,\"32х3\",IF(C54=3.26,\"40х3.7\",IF(C54=4.08,\"50х4.6\",IF(C54=5.14,\"63х5.8\",IF(C54=6.14,\"75х6.8\",IF(C54=7.36,\"90х8.2\",IF(C54=9,\"110х10\",IF(C54=10.22,\"125х11.4\",IF(C54=11.46,\"140х12.7\",IF(C54=13.08,\"160х14.6\",IF(C54=14.72,\"180х16.4\",IF(C54=16.36,\"200х18.2\",IF(C54=18.4,\"225х20.5\",IF(C54=20.46,\"250х22.7\",IF(С19=25.78,\"315х28.6\",\"Далее нет. Переходите на сталь\")))))))))))))))))","v":"63х5.8"},{"$f":"'Расчёт расхода'!G49","v":22.66090909090909},null,14.9,null,null,null,{"$f":"IF(A54=0,0,IF($U54<=2000,64/$U54,IF($U54<=4000,0.0025*$U54^0.333,IF(AND($U54<=100000,$V54>=23),0.11*($C$1/C54+68/$U54)^0.25,IF(AND($U54<=100000,$V54<23),0.3164/$U54^0.25,IF(AND($U54>100000,$V54>=23),0.11*($C$1/$C54+68/$U54)^0.25,IF(AND($U54>100000,$V54<23),1/(1.82*LOG10($U54)-1.64)^2,\"нарушены условия \")))))))^-1*C54*I54/100+IF(I54=0,IF(B54=\"м\",0.1*G54,IF(B54=\"с\",0.2*G54,IF(AND(B54=\"п\",G54<=3),G54*4.5,IF(AND(B54=\"п\",G54<=4),G54*3,IF(AND(B54=\"п\",G54<=7),G54*1.2,IF(AND(B54=\"п\",G54<=12),G54*0.5,0)))))))","v":1.4900000000000002},null,{"$f":"IF(I54=0,G54+K54,G54+I54*K54)","v":16.39},null,{"$f":"IF(AND(C54=0,E54=0),0,IF(U54>=2000,IF(U54>4000,69*($C$1/C54+1922*$G$1*C54/E54)^0.25*E54^2*$E$1/C54^5,0.516*E54^2.333*$E$1/C54^5.333/$G$1^0.333),1132000*E54*$G$1*$E$1/C54^4))","v":2.0262771143566352},null,{"$f":"M54*O54","v":33.210681904305254},null,{"$f":"IF(A54-A53=1,S53-Q54,Q54)","v":2021.2279807639729},null,{"$f":"0.0354*E54/C54/$G$1","v":11147.806862398304},1.3618677042801557E-4,{"$f":"(626*0.0446*$E$1*E54^1.75*$Q$4/1200)^(1/4.75)","v":5.3484649111511775},{"$f":"IF(W54<=14.8,14.8,IF(W54<=20.5,20.5,IF(W54<=25.5,25.5,IF(W54<=30.5,30.5,6666))))","v":14.8}]
[303,null,4.08,{"$f":"IF(C55=1.4,\"20х3\",IF(C55=1.9,\"25х3\",IF(C55=2.6,\"32х3\",IF(C55=3.26,\"40х3.7\",IF(C55=4.08,\"50х4.6\",IF(C55=5.14,\"63х5.8\",IF(C55=6.14,\"75х6.8\",IF(C55=7.36,\"90х8.2\",IF(C55=9,\"110х10\",IF(C55=10.22,\"125х11.4\",IF(C55=11.46,\"140х12.7\",IF(C55=13.08,\"160х14.6\",IF(C55=14.72,\"180х16.4\",IF(C55=16.36,\"200х18.2\",IF(C55=18.4,\"225х20.5\",IF(C55=20.46,\"250х22.7\",IF(С19=25.78,\"315х28.6\",\"Далее нет. Переходите на сталь\")))))))))))))))))","v":"50х4.6"},{"$f":"'Расчёт расхода'!G50","v":18.458909090909088},null,15,null,null,null,1.5,null,16.5,null,4.2457536895617398,null,70.054935877768713,null,1951.1730448862043,null,11439.870129870129,1.715686274509804E-4,4.9592203986637529,14.8]
[304,null,4.08,{"$f":"IF(C56=1.4,\"20х3\",IF(C56=1.9,\"25х3\",IF(C56=2.6,\"32х3\",IF(C56=3.26,\"40х3.7\",IF(C56=4.08,\"50х4.6\",IF(C56=5.14,\"63х5.8\",IF(C56=6.14,\"75х6.8\",IF(C56=7.36,\"90х8.2\",IF(C56=9,\"110х10\",IF(C56=10.22,\"125х11.4\",IF(C56=11.46,\"140х12.7\",IF(C56=13.08,\"160х14.6\",IF(C56=14.72,\"180х16.4\",IF(C56=16.36,\"200х18.2\",IF(C56=18.4,\"225х20.5\",IF(C56=20.46,\"250х22.7\",IF(С19=25.78,\"315х28.6\",\"Далее нет. Переходите на сталь\")))))))))))))))))","v":"50х4.6"},{"$f":"'Расчёт расхода'!G51","v":14.451454545454546},null,15,null,null,null,1.5,null,16.5,null,2.7623362964321934,null,45.578548891131192,null,1905.594495995073,null,8956.2585943468293,1.715686274509804E-4,4.5316075250729968,14.8]
[305,null,3.26,{"$f":"IF(C57=1.4,\"20х3\",IF(C57=1.9,\"25х3\",IF(C57=2.6,\"32х3\",IF(C57=3.26,\"40х3.7\",IF(C57=4.08,\"50х4.6\",IF(C57=5.14,\"63х5.8\",IF(C57=6.14,\"75х6.8\",IF(C57=7.36,\"90х8.2\",IF(C57=9,\"110х10\",IF(C57=10.22,\"125х11.4\",IF(C57=11.46,\"140х12.7\",IF(C57=13.08,\"160х14.6\",IF(C57=14.72,\"180х16.4\",IF(C57=16.36,\"200х18.2\",IF(C57=18.4,\"225х20.5\",IF(C57=20.46,\"250х22.7\",IF(С19=25.78,\"315х28.6\",\"Далее нет. Переходите на сталь\")))))))))))))))))","v":"40х3.7"},{"$f":"'Расчёт расхода'!G52","v":10.113454545454545},null,15,null,null,null,1.5,null,16.5,null,4.2962346914375953,null,70.887872408720327,null,1834.7066235863526,null,7844.35343797307,2.1472392638036811E-4,3.9732198126863323,14.8]
[306,null,2.6,{"$f":"IF(C58=1.4,\"20х3\",IF(C58=1.9,\"25х3\",IF(C58=2.6,\"32х3\",IF(C58=3.26,\"40х3.7\",IF(C58=4.08,\"50х4.6\",IF(C58=5.14,\"63х5.8\",IF(C58=6.14,\"75х6.8\",IF(C58=7.36,\"90х8.2\",IF(C58=9,\"110х10\",IF(C58=10.22,\"125х11.4\",IF(C58=11.46,\"140х12.7\",IF(C58=13.08,\"160х14.6\",IF(C58=14.72,\"180х16.4\",IF(C58=16.36,\"200х18.2\",IF(C58=18.4,\"225х20.5\",IF(C58=20.46,\"250х22.7\",IF(С19=25.78,\"315х28.6\",\"Далее нет. Переходите на сталь\")))))))))))))))))","v":"32х3"},{"$f":"'Расчёт расхода'!G53","v":5.63},null,16.5,null,null,null,1.6500000000000001,null,18.149999999999999,null,4.5106156947146889,null,81.867674859071599,null,1752.8389487272811,null,5475.329670329671,2.6923076923076922E-4,3.2019868483808063,14.8]
[401,null,5.14,{"$f":"IF(C59=1.4,\"20х3\",IF(C59=1.9,\"25х3\",IF(C59=2.6,\"32х3\",IF(C59=3.26,\"40х3.7\",IF(C59=4.08,\"50х4.6\",IF(C59=5.14,\"63х5.8\",IF(C59=6.14,\"75х6.8\",IF(C59=7.36,\"90х8.2\",IF(C59=9,\"110х10\",IF(C59=10.22,\"125х11.4\",IF(C59=11.46,\"140х12.7\",IF(C59=13.08,\"160х14.6\",IF(C59=14.72,\"180х16.4\",IF(C59=16.36,\"200х18.2\",IF(C59=18.4,\"225х20.5\",IF(C59=20.46,\"250х22.7\",IF(С19=25.78,\"315х28.6\",\"Далее нет. Переходите на сталь\")))))))))))))))))","v":"63х5.8"},{"$f":"'Расчёт расхода'!G54","v":30.880000000000003},null,61,null,null,null,{"$f":"IF(A59=0,0,IF($U59<=2000,64/$U59,IF($U59<=4000,0.0025*$U59^0.333,IF(AND($U59<=100000,$V59>=23),0.11*($C$1/C59+68/$U59)^0.25,IF(AND($U59<=100000,$V59<23),0.3164/$U59^0.25,IF(AND($U59>100000,$V59>=23),0.11*($C$1/$C59+68/$U59)^0.25,IF(AND($U59>100000,$V59<23),1/(1.82*LOG10($U59)-1.64)^2,\"нарушены условия \")))))))^-1*C59*I59/100+IF(I59=0,IF(B59=\"м\",0.1*G59,IF(B59=\"с\",0.2*G59,IF(AND(B59=\"п\",G59<=3),G59*4.5,IF(AND(B59=\"п\",G59<=4),G59*3,IF(AND(B59=\"п\",G59<=7),G59*1.2,IF(AND(B59=\"п\",G59<=12),G59*0.5,0)))))))","v":6.1000000000000005},null,{"$f":"IF(I59=0,G59+K59,G59+I59*K59)","v":67.099999999999994},null,{"$f":"IF(AND(C59=0,E59=0),0,IF(U59>=2000,IF(U59>4000,69*($C$1/C59+1922*$G$1*C59/E59)^0.25*E59^2*$E$1/C59^5,0.516*E59^2.333*$E$1/C59^5.333/$G$1^0.333),1132000*E59*$G$1*$E$1/C59^4))","v":3.4894333490055947},null,{"$f":"M59*O59","v":234.14097771827539},null,{"$f":"S22-Q59","v":2160.111881965156},null,{"$f":"0.0354*E59/C59/$G$1","v":15191.106170094499},{"$f":"$C$1/C59","v":1.3618677042801557E-4},{"$f":"(626*0.0446*$E$1*E59^1.75*$Q$5/1200)^(1/4.75)","v":5.6680854647311358},{"$f":"IF(W59<=14.8,14.8,IF(W59<=20.5,20.5,IF(W59<=25.5,25.5,IF(W59<=30.5,30.5,6666))))","v":14.8}]
[402,null,3.26,{"$f":"IF(C60=1.4,\"20х3\",IF(C60=1.9,\"25х3\",IF(C60=2.6,\"32х3\",IF(C60=3.26,\"40х3.7\",IF(C60=4.08,\"50х4.6\",IF(C60=5.14,\"63х5.8\",IF(C60=6.14,\"75х6.8\",IF(C60=7.36,\"90х8.2\",IF(C60=9,\"110х10\",IF(C60=10.22,\"125х11.4\",IF(C60=11.46,\"140х12.7\",IF(C60=13.08,\"160х14.6\",IF(C60=14.72,\"180х16.4\",IF(C60=16.36,\"200х18.2\",IF(C60=18.4,\"225х20.5\",IF(C60=20.46,\"250х22.7\",IF(С19=25.78,\"315х28.6\",\"Далее нет. Переходите на сталь\")))))))))))))))))","v":"40х3.7"},{"$f":"'Расчёт расхода'!G55","v":10.99},null,52.3,null,null,null,5.23,null,57.53,null,4.9714935606055084,null,286.01002454163489,null,{"$f":"IF(A60-A59=1,S59-Q60,Q60)","v":1874.1018574235211},null,8524.2331288343557,2.1472392638036811E-4,{"$f":"(626*0.0446*$E$1*E60^1.75*$Q$5/1200)^(1/4.75)","v":3.8737659708768271},14.8]

{"sheet":"Модуль1","index":2,"n_rows":0,"n_cols":0,"rows_kept":0,"cut":false,"hidden":true,"merged":[]}